Major League Soccer players of the 20s - Statistics

General Stats
  • This quiz has been taken 4 times
  • The average score is 224 of 1790
Answer Stats
Ranking Player Positions Nationality Matches Goals (assists) Periods Clubs % Correct
607 Lionel Messi RW 53 50 (28) 2023-2025
75%
189 Aaron Long CB 112 8 (1) 2020-2025
50%
66 Alexander Ring CM 147 16 (15) 2020-2024
50%
154 Alfredo Morales CM 121 0 (9) 2021-2025
50%
551 Alonso Martínez ST 59 33 (4) 2023-2025
50%
1228 Amadou Dia LB 14 0 (1) 2020-2021
50%
70 Ariel Lassiter LW 145 11 (14) 2020-2025
50%
404 Ayo Akinola ST 75 9 (2) 2020-2024
50%
471 AZ Jackson AM 68 5 (10) 2023-2025
50%
1675 Bobby Edwards GK 2 0 (0) 2020-2021
50%
82 Brad Guzan GK 141 0 (1) 2020-2025
50%
241 Brad Smith LB 103 6 (9) 2020-2025
50%
1100 Brenden Aaronson AM 20 4 (3) 2020-2021
50%
39 Brian White ST 157 67 (18) 2020-2025
50%
17 Brooks Lennon RB 168 9 (34) 2020-2025
50%
109 Bryce Duke AM 135 6 (11) 2020-2025
50%
596 Cameron Duke CM 55 2 (2) 2020-2023
50%
38 Carles Gil AM 157 39 (43) 2020-2025
50%
296 Carlos Vela RW 93 30 (22) 2020-2023
50%
1408 Christian Torres LW 8 1 (0) 2020-2021
50%
870 CJ dos Santos GK 32 0 (0) 2023-2025
50%
1670 Cole Turner DM 2 0 (0) 2020-2021
50%
1673 Collin Smith RB 2 0 (0) 2023-2024
50%
690 David Martínez RW 46 7 (7) 2024-2025
50%
1249 David Martínez CB 13 1 (1) 2024-2025
50%
107 Dayne St. Clair GK 135 0 (2) 2020-2025
50%
55 DeJuan Jones LB 150 8 (24) 2020-2025
50%
1183 Derek Cornelius CB 16 0 (0) 2020-2021
50%
231 Derrick Jones CM 105 1 (4) 2020-2025
50%
81 Djordje Mihailovic AM 142 39 (45) 2020-2022, 2024-2025
50%
1079 Douglas Martínez ST 21 2 (0) 2020-2021
50%
1209 Efraín Morales CB 15 0 (0) 2024-2025
50%
1378 Éric Davis LB 8 0 (0) 2023-2024
50%
848 Érick Torres ST 33 1 (0) 2020-2021
50%
228 Eric Miller RB 105 1 (1) 2020-2025
50%
1615 Ervin Torres CM 2 0 (0) 2024-2025
50%
60 Fabian Herbers RW 148 13 (10) 2020-2025
50%
281 Facundo Torres LW 95 37 (15) 2022-2024
50%
114 Felipe Mora ST 132 44 (15) 2020-2025
50%
1787 Gavin Turner AM 1 0 (0) 2025-2026
50%
1548 Gonzalo Martínez AM 4 2 (1) 2020-2021
50%
1589 Graham Smith CB 3 0 (0) 2020-2021
50%
1311 Harbor Miller RB 10 1 (1) 2025-2026
50%
1773 Harold Osorio CM 1 0 (0) 2025-2026
50%
1093 Ian Smith LB 20 1 (1) 2025-2026
50%
1627 Isaiah Jones CM 2 0 (0) 2024-2025
50%
1367 Jacob Jackson GK 9 0 (0) 2023-2025
50%
168 Jacob Shaffelburg LW 117 14 (14) 2020-2025
50%
193 Jahkeele Marshall-Rutty RB, RM 112 1 (8) 2020-2025
50%
795 Jairo Torres RW 36 0 (0) 2022-2023
50%
342 Jake Davis RB 85 3 (5) 2021-2025
50%
663 Jalen Neal CB 48 2 (0) 2023-2025
50%
1499 James Musa DM 5 0 (0) 2020-2021
50%
464 James Pantemis GK 68 0 (0) 2020-2025
50%
932 Jansen Miller CB 29 0 (1) 2025-2026
50%
802 Jefferson Díaz CB 36 0 (3) 2024-2025
50%
375 João Klauss ST 79 25 (7) 2023-2025
50%
463 Joaquín Torres RW 68 8 (9) 2021-2023
50%
106 Joel Waterman CB 136 5 (8) 2020-2025
50%
895 Joevin Jones LB 30 2 (2) 2020-2022
50%
65 Johnny Russell RW 147 42 (16) 2020-2025
50%
766 Jonathan dos Santos DM 39 1 (0) 2020-2021
50%
120 Jonathan Osorio CM 131 24 (14) 2020-2025
50%
325 Jonathan Sirois GK 89 0 (0) 2023-2025
50%
498 Jordi Alba LB 65 11 (21) 2023-2025
50%
426 José Antonio Martínez CB 72 1 (1) 2021-2023
50%
117 Josef Martínez ST 131 53 (12) 2020-2025
50%
222 José Martínez DM 106 3 (8) 2020-2024
50%
433 Joseph Mora LB 71 0 (0) 2020-2023
50%
1648 Juan Torres CM 2 0 (0) 2020-2021
50%
83 Kamal Miller CB 141 4 (4) 2020-2025
50%
164 Kei Kamara ST 118 20 (13) 2020-2021, 2022-2025
50%
639 Kevin Long CB 50 0 (0) 2024-2025
50%
1111 Kimarni Smith ST 20 1 (1) 2021-2022
50%
43 Kyle Smith RB 155 4 (6) 2020-2025
50%
235 Lassi Lappalainen LW 104 11 (15) 2020-2025
50%
542 Leonard Owusu DM 60 0 (1) 2020-2022
50%
860 Levonte Johnson LW 32 0 (0) 2023-2024
50%
901 Luca de la Torre CM 30 5 (1) 2025-2026
50%
286 Lucas Zelarayán AM 94 36 (18) 2020-2023
50%
322 Luis Díaz RW 89 4 (9) 2020-2023, 2025-2026
50%
595 Luis Suárez ST 55 30 (19) 2024-2025
50%
1218 Malachi Jones LW 14 1 (1) 2024-2025
50%
1565 Marcelo Morales LB 4 0 (0) 2025-2026
50%
1781 Marcos Dias ST 1 0 (0) 2024-2025
50%
79 Mark-Anthony Kaye CM 142 9 (13) 2020-2025
50%
217 Mathieu Choinière CM 107 12 (4) 2021-2025
50%
1084 Matthew Edwards CB 21 0 (1) 2024-2025
50%
521 Matt Turner GK 62 0 (0) 2020-2022, 2025-2026
50%
234 Maxime Crépeau GK 104 0 (0) 2020-2025
50%
161 Maximiliano Urruti ST 119 24 (1) 2020-2023, 2025-2026
50%
138 Maxi Moralez AM 125 9 (34) 2020-2025
50%
1516 Michael Edwards CB 5 1 (0) 2024-2025
50%
136 Miles Robinson CB 127 5 (2) 2020-2025
50%
902 Nacho Gil LW 30 1 (3) 2022-2024
50%
383 Ola Kamara ST 78 32 (5) 2020-2022
50%
716 Paxten Aaronson AM, CM 44 5 (0) 2021-2022, 2025-2026
50%
812 Pep Biel AM 35 12 (14) 2024-2025
50%
538 Petar Musa ST 60 34 (9) 2024-2025
50%
787 Peyton Miller LB 36 2 (5) 2024-2025
50%
434 Prince Owusu ST 71 22 (4) 2023-2025
50%
71 Raheem Edwards LB 145 3 (16) 2020-2025
50%
1222 Reid Roberts CB 14 0 (0) 2025-2026
50%
187 Richie Laryea RB 113 11 (20) 2020-2025
50%
610 Robbie Robinson LW 53 6 (1) 2020-2023
50%
69 Robin Lod CM 145 34 (26) 2020-2025
50%
1483 Román Torres CB 6 0 (0) 2020-2021
50%
118 Rudy Camacho CB 131 7 (1) 2020-2024
50%
1423 Sam Johnson ST 7 1 (0) 2020-2021
50%
1780 Samuel Owusu CB 1 0 (0) 2022-2023
50%
97 Samuel Piette DM 137 3 (6) 2020-2025
50%
1528 Santiago Morales CM 4 0 (0) 2025-2026
50%
103 Sean Davis CM 136 1 (2) 2020-2024
50%
33 Sean Johnson GK 159 0 (1) 2020-2025
50%
1208 Sean Rea AM 15 0 (0) 2023-2024
50%
415 Sergio Busquets DM 74 1 (13) 2023-2025
50%
884 Silvester van der Water RW 31 3 (2) 2021-2022
50%
638 Tani Oluwaseyi ST 51 18 (13) 2023-2025
50%
913 Tate Johnson LB 29 1 (1) 2025-2026
50%
1351 Tomás Martínez AM 9 0 (0) 2020-2021
50%
674 Tom Edwards RB 47 0 (2) 2021-2022
50%
493 Tyler Miller GK 65 0 (0) 2020-2024
50%
184 Victor Wanyama DM 114 5 (4) 2020-2024
50%
63 Walker Zimmerman CB 147 13 (7) 2020-2025
50%
578 Zack Steffen GK 56 0 (0) 2024-2025
50%
356 Zorhan Bassong LB, CM 82 1 (2) 2021-2022, 2024-2025
50%
1024 Aaron Boupendza ST 24 7 (2) 2023-2024
25%
61 Aarón Herrera RB 148 2 (21) 2020-2025
25%
1669 Abraham Rodriguez GK 2 0 (0) 2022-2023
25%
280 Adalberto Carrasquilla CM 95 9 (14) 2021-2024
25%
1523 Adama Diomande ST 5 0 (0) 2023-2024
25%
530 Adam Buksa ST 61 28 (7) 2020-2022
25%
267 Adam Lundkvist LB 97 0 (8) 2020-2023
25%
258 Adilson Malanda CB 100 2 (2) 2022-2025
25%
1501 Adrián Marín LB 5 0 (0) 2025-2026
25%
946 Adrien Pérez RW 28 0 (2) 2020-2022
25%
590 Agustín Ojeda LW 56 3 (6) 2024-2025
25%
694 Ahmed Hamdi CM 45 3 (1) 2021-2023
25%
363 Aidan Morris CM 81 6 (7) 2020-2021, 2022-2024
25%
1628 Aidan O'Connor CB 2 0 (0) 2024-2025
25%
1099 Aiden O'Neill DM 20 0 (0) 2025-2026
25%
754 Aké Loba ST 40 2 (1) 2021-2022
25%
1613 Alan Carleton CM 2 0 (0) 2025-2026
25%
1409 Alán Montes CB 8 0 (0) 2025-2026
25%
318 Alan Pulido ST 89 34 (9) 2020-2021, 2023-2024
25%
522 Alan Velasco LW 62 12 (7) 2022-2024
25%
1547 Alberth Elis RW 4 2 (3) 2020-2021
25%
10 Albert Rusnák AM 173 42 (30) 2020-2025
25%
1178 Alec Kann GK 16 0 (0) 2021-2024
25%
1277 Alejandro Alvarado CM 12 0 (0) 2025-2026
25%
25 Alejandro Bedoya CM 162 14 (14) 2020-2025
25%
1430 Aleksandar Radovanovic CB 7 0 (0) 2023-2024
25%
1038 Aleksandr Guboglo RB 23 0 (1) 2025-2026
25%
728 Aleksey Miranchuk AM 42 9 (4) 2024-2025
25%
1619 Alessandro Biello CM 2 0 (0) 2024-2025
25%
1265 Alexander Alvarado LW 12 0 (0) 2020-2021
25%
1056 Alexander Hack CB 22 1 (0) 2025-2026
25%
319 Alex Bono GK 89 0 (0) 2020-2024
25%
1538 Alex Harris RW 4 0 (0) 2025-2026
25%
7 Alex Muyl RW 177 12 (11) 2020-2025
25%
23 Álex Roldán RB 164 4 (13) 2020-2025
25%
472 Ali Ahmed LM 68 3 (10) 2022-2025
25%
394 Alistair Johnston RB 77 5 (5) 2020-2022
25%
242 Aljaž Ivačič GK 103 0 (0) 2020-2025
25%
859 Aljaz Struna CB 32 1 (0) 2020-2021
25%
1496 Allan Oyirwoth AM 5 0 (0) 2025-2026
25%
1688 Alonso Ramírez DM 2 0 (0) 2024-2025
25%
329 Amine Bassi AM 88 15 (12) 2023-2025
25%
1057 Amro Tarek CB 22 0 (0) 2020-2021
25%
833 Anders Dreyer RW 34 19 (17) 2025-2026
25%
104 Anderson Julio RW 136 31 (8) 2021-2025
25%
1633 Anderson Rosa LB 2 0 (0) 2025-2026
25%
87 Andre Blake GK 140 0 (0) 2020-2025
25%
273 Andrés Cubas DM 96 1 (2) 2022-2025
25%
1536 Andrés Flores AM 4 1 (0) 2020-2021
25%
909 Andrés Herrera RB 30 5 (2) 2024-2025
25%
84 Andrés Perea DM 141 11 (6) 2020-2025
25%
283 Andrés Reyes CB 95 5 (2) 2020-2025
25%
642 Andrés Ríos ST 50 4 (1) 2020-2021
25%
91 Andrew Gutman LB 140 14 (15) 2020-2025
25%
1406 Andrew Moran AM 8 1 (1) 2025-2026
25%
1089 Andrew Rick GK 20 0 (0) 2024-2025
25%
1101 Andrew Tarbell GK 20 0 (0) 2020-2025
25%
198 Andy Nájar RB 110 3 (14) 2020-2023, 2025-2026
25%
863 Andy Rose CB 32 2 (1) 2020-2021
25%
102 Aníbal Godoy DM 136 4 (8) 2020-2025
25%
1502 Anthony Jackson-Hamel ST 5 0 (0) 2020-2021
25%
1679 Anthony Ramírez RW 2 0 (0) 2024-2025
25%
1666 Antino Lopez CB 2 0 (0) 2024-2025
25%
437 Anton Walkes CB 71 2 (1) 2020-2022
25%
52 Artur DM 150 5 (3) 2020-2025
25%
1439 Augustine Williams ST 7 0 (0) 2021-2022
25%
1214 Baltasar Rodríguez AM 14 3 (3) 2025-2026
25%
1624 Baye Coulibaly CM 2 0 (0) 2025-2026
25%
846 Beau Leroux CM 33 5 (4) 2025-2026
25%
233 Benji Kikanović LW 105 14 (6) 2021-2025
25%
341 Benji Michel LW 85 10 (7) 2020-2022, 2024-2025
25%
580 Ben Sweat LB 56 0 (5) 2020-2023
25%
866 Besard Sabovic CM 32 1 (0) 2025-2026
25%
1403 Beto Avila ST 8 0 (0) 2022-2023
25%
697 Bill Hamid GK 45 0 (0) 2020-2022
25%
983 Bjørn Johnsen ST 26 2 (0) 2021-2022
25%
672 Blaise Matuidi CM 47 2 (1) 2020-2021
25%
1539 Blake Gillingham GK 4 0 (0) 2025-2026
25%
384 Bobby Wood ST 78 16 (7) 2021-2024
25%
1231 Bojan Krkic CF 14 4 (1) 2020-2021
25%
142 Bongokuhle Hlongwane RW 125 24 (13) 2022-2025
25%
794 Bradley Wright-Phillips ST 36 6 (4) 2020-2021
25%
19 Brad Stuver GK 167 0 (0) 2020-2025
25%
262 Braian Ojeda CM 99 4 (5) 2022-2025
25%
1033 Brandan Craig CB 24 0 (0) 2022-2023, 2025-2026
25%
129 Brandon Vazquez ST 128 37 (15) 2020-2023, 2025-2026
25%
115 Brandt Bronico CM 132 5 (11) 2020-2021, 2022-2025
25%
679 Brek Shea LM 47 6 (0) 2020-2022
25%
236 Brendan Hines-Ike CB 104 3 (3) 2021-2025
25%
1343 Brendan McSorley FW, ST 9 2 (1) 2024-2025
25%
59 Brian Gutiérrez AM 149 19 (19) 2020-2025
25%
695 Brian Rodríguez LW 45 7 (9) 2020-2022
25%
1544 Brian Rowe GK 4 0 (0) 2020-2021
25%
279 Bryan Acosta CM 95 0 (6) 2020-2023, 2025-2026
25%
243 Cade Cowell LW 103 10 (12) 2020-2023
25%
205 Caden Clark AM 109 11 (10) 2020-2022, 2024-2025
25%
254 Calvin Harris RW 101 10 (10) 2021-2025
25%
615 Carlos Andrés Gómez RW 53 14 (12) 2023-2024
25%
35 Carlos Coronel GK 159 0 (0) 2021-2025
25%
625 Carlos Harvey DM 52 2 (3) 2020-2021, 2024-2025
25%
1245 Carlos Salcedo CB 13 0 (0) 2022-2023
25%
1212 Cavan Sullivan AM 14 0 (0) 2024-2025
25%
776 Cecilio Domínguez LW 38 9 (3) 2021-2022
25%
445 Célio Pompeu LW 71 6 (7) 2023-2025
25%
1264 Cengiz Ünder RW 12 2 (2) 2025-2026
25%
172 César Araújo DM 116 4 (7) 2022-2025
25%
443 Chinonso Offor ST 71 6 (2) 2021-2023
25%
306 Chris Brady GK 92 0 (1) 2022-2025
25%
526 Chris Donovan ST 62 2 (1) 2022-2025
25%
221 Chris Durkin DM 106 5 (9) 2022-2025
25%
401 Chris Mavinga CB 76 0 (0) 2020-2023
25%
202 Chris Mueller RW 109 16 (20) 2020-2024
25%
298 Christian Benteke ST 93 47 (11) 2022-2025
25%
1295 Christian Cappis CM 11 1 (2) 2025-2026
25%
251 Christian Ramirez ST 101 23 (9) 2020-2021, 2023-2025
25%
201 Christopher McVey CB 109 4 (1) 2022-2025
25%
785 CJ Fodrey LW 37 1 (2) 2023-2025
25%
212 Claudio Bravo LB 108 2 (5) 2021-2025
25%
1243 Clint Irwin GK 13 0 (0) 2020-2021, 2023-2024
25%
137 Cole Bassett AM 127 28 (18) 2020-2021, 2023-2025
25%
1618 Cooper Sanchez CM 2 0 (0) 2025-2026
25%
88 Corey Baird ST 140 18 (16) 2020-2025
25%
265 Cory Burke ST 98 16 (7) 2020-2024
25%
48 Cristhian Paredes CM 151 9 (7) 2020-2025
25%
150 Cristian Arango ST 122 66 (16) 2021-2025
25%
2 Cristian Espinoza RW 185 33 (53) 2020-2025
25%
683 Cristián Gutiérrez LB 46 0 (6) 2020-2023
25%
44 Cristian Roldán CM 153 17 (22) 2020-2025
25%
452 Cucho Hernández ST 70 44 (19) 2022-2024
25%
566 Damion Lowe CB 57 3 (1) 2022-2024
25%
239 Damir Kreilach CM 104 31 (10) 2020-2025
25%
513 Daniel GK 63 0 (0) 2023-2025
25%
276 Daniel Edelman DM 96 3 (0) 2022-2025
25%
46 Dániel Gazdag AM 151 63 (23) 2021-2025
25%
15 Daniel Lovitz LB 170 4 (20) 2020-2025
25%
92 Daniel Pereira CM 140 4 (13) 2021-2025
25%
1703 Dániel Pintér LW 1 0 (0) 2025-2026
25%
175 Daniel Ríos ST 115 22 (7) 2020-2022, 2024-2025
25%
26 Dániel Sallói LW 161 39 (28) 2020-2025
25%
208 Daniel Steres CB 108 7 (7) 2020-2025
25%
1650 Danilo Acosta LB 2 0 (0) 2021-2022
25%
1748 Danilo Silva RB 1 0 (0) 2020-2021
25%
1759 Danny Flores CM 1 0 (0) 2023-2024
25%
1014 Danny Hoesen ST 25 4 (0) 2020-2022
25%
110 Danny Musovski ST 134 31 (15) 2020-2025
25%
468 Dante Sealy RW, LW 68 11 (1) 2020-2021, 2023-2025
25%
40 Dario Župarić CB 156 1 (3) 2020-2025
25%
11 Darlington Nagbe CM 172 9 (5) 2020-2025
25%
312 Darren Yapi ST 91 10 (8) 2022-2025
25%
824 Daryl Dike ST 35 18 (4) 2020-2021
25%
3 Dave Romney CB 181 5 (6) 2020-2025
25%
330 David Ayala DM 88 3 (2) 2022-2025
25%
772 David Bingham GK 38 0 (1) 2020-2021, 2022-2023, 2025-2026
25%
798 David Ochoa GK 36 0 (0) 2020-2022, 2025-2026
25%
626 David Ruíz DM 52 3 (4) 2023-2025
25%
1490 David Vazquez RM 5 0 (0) 2025-2026
25%
948 Dawid Bugaj RB 28 0 (3) 2024-2025
25%
135 Dax McCarty CM 127 2 (8) 2020-2024
25%
132 DeAndre Yedlin RB 127 1 (13) 2022-2025
25%
95 Dejan Joveljić ST 138 52 (15) 2021-2025
25%
250 Denis Bouanga LW 101 65 (25) 2022-2025
25%
47 Derrick Etienne Jr. LW 151 14 (16) 2020-2025
25%
173 Derrick Williams CB 115 2 (3) 2021-2025
25%
657 Deybi Flores DM 48 3 (3) 2024-2025
25%
28 Diego Chará CM 161 3 (10) 2020-2025
25%
4 Diego Fagúndez LW 180 27 (22) 2020-2025
25%
1036 Diego Gómez CM 24 4 (4) 2023-2024
25%
1341 Diego Gutiérrez ST 10 0 (1) 2022-2023
25%
292 Diego Luna LM 94 22 (12) 2022-2025
25%
210 Diego Rossi AM 108 46 (17) 2020-2021, 2023-2025
25%
75 Diego Rubio ST 143 33 (21) 2020-2025
25%
1086 Djé D'Avilla DM 21 2 (1) 2025-2026
25%
282 D.J. Taylor RB 95 1 (3) 2021-2025
25%
1573 Dominik Chong Qui LB 3 0 (0) 2025-2026
25%
220 Dominique Badji ST 106 13 (9) 2020-2025
25%
395 Donovan Pines CB 77 6 (0) 2020-2023
25%
305 Drake Callender GK 92 0 (0) 2022-2025
25%
966 Drew Moor CB 27 1 (0) 2020-2022
25%
411 Duncan McGuire ST 74 26 (7) 2023-2025
25%
177 Dylan Nealis RB 115 1 (6) 2020-2025
25%
224 Eddie Segura CB 106 3 (4) 2020-2022, 2024-2025
25%
805 Édier Ocampo RB 36 2 (0) 2024-2025
25%
1337 Edison Azcona LW 10 0 (0) 2021-2023
25%
758 Edison Flores LW 39 3 (8) 2020-2022
25%
288 Eduard Atuesta CM 94 7 (18) 2020-2021, 2024-2025
25%
854 Edvard Tagseth CM 33 0 (2) 2025-2026
25%
50 Edwin Cerrillo DM 151 1 (1) 2020-2025
25%
391 Efraín Álvarez AM, RW 77 6 (10) 2020-2023
25%
315 Emanuel Reynoso AM 90 22 (20) 2020-2024
25%
1067 Emerson Rodríguez LW 22 2 (0) 2022-2023
25%
616 Emil Forsberg LW 52 21 (11) 2024-2025
25%
631 Emiliano Rigoni RW 51 6 (4) 2022-2024
25%
190 Emmanuel Boateng LM 112 8 (9) 2020-2025
25%
903 Emmanuel Latte Lath ST 30 7 (3) 2025-2026
25%
855 Eric-Maxim Choupo-Moting ST 33 18 (4) 2025-2026
25%
809 Érik Godoy CB 35 2 (0) 2020-2022
25%
1129 Erik López LW 19 1 (0) 2021-2022, 2023-2024
25%
249 Erik Thommy AM 101 19 (16) 2022-2025
25%
701 Eriq Zavaleta CB 44 3 (0) 2020-2025
25%
196 Eryk Williamson CM 111 6 (15) 2020-2025
25%
119 Ethan Finlay RW 131 16 (12) 2020-2024
25%
1006 Eugene Ansah LW 25 2 (0) 2023-2024
25%
335 Evander AM 87 42 (33) 2023-2025
25%
906 Fábio Gomes ST 30 7 (6) 2021-2022
25%
423 Facundo Quignón DM 72 2 (1) 2021-2023
25%
41 Fafà Picault LW 155 39 (15) 2020-2025
25%
327 Federico Bernardeschi RW 88 25 (13) 2022-2025
25%
796 Federico Higuaín AM 36 3 (5) 2020-2021
25%
1052 Felipe Andrade CB 23 4 (1) 2025-2026
25%
1092 Felipe Gutiérrez CM 20 0 (2) 2022-2023
25%
427 Felipe Hernández CM 72 4 (5) 2020-2024
25%
326 Felipe Martins CM 89 2 (5) 2020-2024
25%
612 Fernando Álvarez CB 53 1 (2) 2023-2025
25%
875 Finn Surman CB 32 0 (0) 2024-2025
25%
861 Florian Valot RW 32 1 (2) 2020-2021
25%
214 Franco Escobar RB 107 7 (5) 2020-2021, 2022-2025
25%
385 Franco Jara ST 78 17 (3) 2020-2022
25%
732 Franco Negri LB 42 2 (3) 2023-2025
25%
131 Frankie Amaya CM 128 9 (6) 2020-2025
25%
523 Gabriel Pec RW 62 23 (18) 2024-2025
25%
664 Gabriel Pereira RW 48 14 (6) 2022-2023
25%
725 Gabriel Slonina GK 43 0 (0) 2021-2022
25%
529 Gadi Kinda AM 61 14 (13) 2020-2021, 2023-2024
25%
1267 Gareth Bale RW 12 2 (0) 2022-2023
25%
1051 Garrison Tubbs CB 23 0 (1) 2024-2025
25%
347 Gastón Brugman DM 83 5 (4) 2022-2025
25%
148 Gastón Giménez DM 122 4 (8) 2020-2024
25%
1154 Gastón González LW 18 0 (2) 2023-2024
25%
1216 Gennadiy Synchuk RW 14 1 (0) 2025-2026
25%
1733 George Acosta CM 1 0 (0) 2022-2023
25%
1397 George Marks GK 8 0 (0) 2022-2023
25%
893 Georgi Minoungou RW 31 2 (4) 2024-2025
25%
774 Georgios Giakoumakis ST 38 22 (3) 2023-2024
25%
1134 Geovane Jesus RB 19 0 (2) 2023-2024
25%
398 Giacomo Vrioni ST 76 19 (2) 2022-2025
25%
1376 Giancarlo González CB 8 1 (0) 2020-2021
25%
927 Gianluca Busio CM 29 3 (5) 2020-2021
25%
1172 Gilberto Flores CB 16 0 (0) 2025-2026
25%
882 Giorgio Chiellini CB 31 1 (1) 2022-2023
25%
1778 Giovanni Aguilar CM 1 0 (0) 2023-2024
25%
1543 Giuseppe Rossi ST 4 1 (0) 2020-2021
25%
477 Gonzalo Higuaín ST 67 29 (11) 2020-2022
25%
999 Gonzalo Luján CB, RB 26 0 (1) 2025-2026
25%
1377 Greg Garza LB 8 0 (0) 2020-2021
25%
121 Griffin Dorsey RB 131 11 (15) 2021-2025
25%
929 Griffin Yow RW 29 3 (1) 2020-2022
25%
517 Guilherme Biro LB 63 6 (1) 2024-2025
25%
352 Gustavo Bou ST 83 34 (16) 2020-2023
25%
112 Gyasi Zardes ST 133 37 (10) 2020-2024
25%
475 Hannes Wolf RW 67 16 (11) 2024-2025
25%
5 Hany Mukhtar AM 179 82 (48) 2020-2025
25%
364 Harrison Afful RB 81 1 (4) 2020-2023
25%
518 Héctor Herrera DM 62 5 (16) 2022-2024
25%
528 Héctor Jiménez RB 61 1 (4) 2020-2024
25%
157 Henry Kessler CB 120 5 (1) 2020-2025
25%
934 Hernán López AM 29 6 (2) 2024-2025
25%
1339 Heung-min Son LW 10 9 (3) 2025-2026
25%
962 Hirving Lozano LW 27 9 (8) 2025-2026
25%
492 Hugo Lloris GK 65 0 (0) 2024-2025
25%
1159 Ian Pilcher CB 17 1 (1) 2025-2026
25%
1771 Ibrahim Kasule AM 1 0 (0) 2023-2024
25%
892 Idan Toklomati ST 31 11 (4) 2024-2025
25%
912 Ifunanyachi Achara RW 30 3 (2) 2020-2022
25%
1035 Igor Jesus DM 24 0 (1) 2025-2026
25%
937 Ilay Feingold RB 29 3 (3) 2025-2026
25%
20 Ilie Sánchez DM 166 5 (5) 2020-2025
25%
1447 Ilijah Paul ST 7 0 (0) 2023-2024
25%
1647 In-beom Hwang DM, CM 2 0 (0) 2020-2021
25%
93 Indiana Vassilev RW 139 15 (12) 2021-2025
25%
1000 Ismaël Koné CM 26 2 (5) 2022-2023
25%
858 Iuri Tavares LW 33 3 (2) 2024-2025
25%
1478 Iván Jaime AM 6 0 (1) 2025-2026
25%
371 Jacen Russell-Rowe ST 80 16 (6) 2022-2025
25%
12 Jack Elliott CB 172 8 (9) 2020-2025
25%
90 Jack Maher CB 140 5 (1) 2020-2025
25%
516 Jack Skahan CM 63 3 (5) 2020-2025
25%
42 Jackson Yueill CM 155 10 (7) 2020-2025
25%
34 Jáder Obrian RW 159 24 (13) 2021-2025
25%
6 Jakob Glesnes CB 178 9 (7) 2020-2025
25%
1382 Jamal Blackman GK 8 0 (0) 2021-2022
25%
287 James Sands DM 94 1 (2) 2020-2021, 2023-2024
25%
230 Jamiro Monteiro CM 105 10 (18) 2020-2023
25%
99 Jared Stroud LW 137 9 (21) 2020-2025
25%
253 Javain Brown RB 101 2 (4) 2021-2025
25%
1469 Javairô Dilrosun LW 6 2 (0) 2025-2026
25%
793 Javier Eduardo López AM 36 13 (3) 2021-2022
25%
469 Jayden Nelson LW 68 3 (8) 2020-2022, 2025-2026
25%
1073 Jayden Reid LB 21 0 (2) 2023-2025
25%
1307 Jaziel Orozco RB, DM 11 1 (0) 2022-2023, 2025-2026
25%
719 Jefferson Savarino AM 43 14 (7) 2022-2023
25%
1441 Jeff Gal GK 7 0 (0) 2025-2026
25%
1363 Jeizon Ramírez LW 9 0 (0) 2020-2021
25%
851 Jeppe Tverskov DM 33 2 (8) 2025-2026
25%
31 Jeremy Ebobisse ST 160 47 (12) 2020-2025
25%
1640 Jesse González GK 2 0 (0) 2020-2021
25%
32 Jesús Ferreira ST 160 48 (26) 2020-2025
25%
597 Jesús Jiménez ST 55 9 (6) 2022-2023
25%
215 Jesús Murillo CB 107 2 (4) 2020-2024
25%
826 Jhohan Romaña CB 35 0 (0) 2021-2022
25%
476 Jhojan Valencia DM 67 0 (2) 2022-2024
25%
762 Jhon Espinoza RB 39 0 (1) 2021-2022
25%
1717 Jimmy Farkarlun RW 1 0 (0) 2024-2025
25%
160 João Paulo CM 119 6 (15) 2020-2025
25%
1116 Joaquín Fernández CB 19 0 (0) 2024-2025
25%
753 Joaquín Pereyra CM 40 6 (10) 2024-2025
25%
703 Joe Corona CM 44 1 (1) 2020-2021
25%
1 Joe Willis GK 185 0 (2) 2020-2025
25%
309 John McCarthy GK 91 0 (0) 2020-2025
25%
169 John Nelson LB 116 0 (4) 2020-2025
25%
515 John Pulskamp GK 63 0 (2) 2021-2025
25%
183 John Tolkin LB 114 7 (15) 2021-2024
25%
1282 Jojea Kwizera LM 12 0 (1) 2022-2023
25%
174 Jonathan Bond GK 115 0 (0) 2021-2023, 2025-2026
25%
1393 Jonathan González DM 8 1 (0) 2022-2023
25%
141 Jonathan Lewis LW 125 19 (8) 2020-2024
25%
185 Jonathan Mensah CB 113 4 (2) 2020-2024
25%
715 Jonathan Pérez LW 44 1 (3) 2021-2025
25%
813 Jonathan Rodríguez ST 35 17 (7) 2024-2025
25%
533 Jon Bell CB 61 3 (2) 2021-2025
25%
9 Jon Gallagher RB 174 17 (13) 2020-2025
25%
1590 Jordan Farr GK 3 0 (0) 2025-2026
25%
1230 Jordan Harvey LB 14 0 (0) 2020-2021
25%
133 Jordan Morris ST 127 45 (16) 2020-2025
25%
1047 Jordan Perruzza ST 23 1 (0) 2021-2023
25%
1722 Jorge Moreira RB 1 0 (0) 2020-2021
25%
782 Jorge Villafaña LB 37 1 (5) 2020-2021
25%
223 José Cifuentes CM 106 14 (19) 2020-2023, 2025-2026
25%
603 Joseph Paintsil RW 54 20 (9) 2024-2025
25%
244 Joseph Rosales LB 103 2 (13) 2021-2025
25%
167 Josh Atencio DM 117 1 (2) 2020-2025
25%
617 Josh Williams CB 52 0 (1) 2020-2022
25%
593 Jozy Altidore ST 55 8 (1) 2020-2023
25%
295 JT Marcinkowski GK 93 0 (1) 2020-2023, 2025-2026
25%
1063 Jukka Raitala CB 22 0 (0) 2020-2021
25%
689 Jules-Anthony Vilsaint ST 46 4 (5) 2023-2025
25%
368 Julián Araujo RB 80 1 (13) 2020-2022
25%
525 Julián Fernández RW 62 7 (8) 2023-2025
25%
1362 Julian Gaines RB 9 0 (0) 2023-2025
25%
21 Julian Gressel RM 165 12 (36) 2020-2025
25%
771 Julian Hall ST 38 3 (2) 2023-2025
25%
123 Julio Cascante CB 130 10 (5) 2020-2025
25%
1764 Juninho AM 1 0 (0) 2023-2024
25%
1444 Junior Hoilett LW 7 0 (0) 2023-2024
25%
229 Júnior Moreno DM 105 7 (5) 2020-2024
25%
30 Justen Glad CB 160 11 (2) 2020-2025
25%
382 Justin Haak CB, CM 78 2 (4) 2022-2025
25%
186 Justin Meram LW 113 12 (22) 2020-2023
25%
240 Kacper Przybyłko ST 104 28 (12) 2020-2023
25%
954 Kaick DM 27 2 (0) 2025-2026
25%
13 Kai Wagner LB 171 7 (40) 2020-2025
25%
1560 Karifa Yao CB 4 0 (0) 2020-2021, 2023-2024
25%
1514 Kaveh Rad CB 5 0 (0) 2021-2022
25%
64 Keaton Parks DM 147 14 (8) 2020-2025
25%
45 Keegan Rosenberry RB 152 7 (4) 2020-2025
25%
1043 Kekuta Manneh LW 23 1 (1) 2020-2021
25%
78 Kellyn Acosta DM 142 7 (9) 2020-2025
25%
344 Kelyn Rowe CM 84 2 (2) 2020-2023
25%
1537 Kenji Mboma Dem ST 4 0 (0) 2025-2026
25%
128 Kévin Cabral LW 129 13 (10) 2021-2025
25%
367 Kevin O'Toole LB 80 2 (4) 2022-2025
25%
777 Kevin Paredes LM 38 3 (4) 2020-2021
25%
80 Khiry Shelton ST 142 8 (9) 2020-2025
25%
968 Kieran Gibbs LB 27 1 (0) 2021-2022
25%
931 Kipp Keller CB 29 0 (0) 2022-2024
25%
1783 Koa Santos RB 1 0 (0) 2022-2023
25%
504 Kobe Franklin RB 64 0 (2) 2022-2025
25%
285 Kosi Thompson RB, RM 95 2 (1) 2022-2025
25%
153 Kristijan Kahlina GK 121 0 (1) 2022-2025
25%
1390 Kyle Beckerman DM 8 0 (0) 2020-2021
25%
134 Kyle Duncan RB 127 5 (11) 2020-2025
25%
460 Kyle Hiebert CB 69 3 (1) 2023-2025
25%
1272 Lachlan Brook RW 12 0 (0) 2024-2025
25%
77 Lalas Abubakar CB 143 10 (2) 2020-2025
25%
346 Larrys Mabiala CB 84 2 (2) 2020-2024
25%
139 Latif Blessing AM 125 8 (5) 2020-2024
25%
1229 Lee Nguyen AM 14 1 (1) 2020-2021
25%
832 Leo Väisänen CB 34 1 (1) 2023-2024
25%
1699 Liam MacKenzie AM 1 0 (0) 2025-2026
25%
585 Liel Abada RW 56 12 (2) 2024-2025
25%
1641 Lisandro López ST 2 0 (0) 2021-2022
25%
527 Logan Farrington ST 61 9 (9) 2024-2025
25%
381 Logan Ndenbe LB 78 1 (1) 2022-2025
25%
482 Lorenzo Insigne LW 66 15 (15) 2022-2025
25%
442 Luca Petrasso LB 71 2 (6) 2022-2025
25%
509 Lucas Cavallini ST 63 18 (4) 2020-2022
25%
67 Luciano Acosta AM 146 53 (47) 2021-2025
25%
604 Luis Barraza GK 54 0 (2) 2021-2022, 2023-2025
25%
1149 Luis Binks CB 18 0 (0) 2020-2021
25%
313 Luís Martins LB 90 1 (6) 2020-2024
25%
1555 Luis Müller LW 4 0 (1) 2024-2025
25%
1269 Luis Robles GK 12 0 (0) 2020-2021
25%
550 Luiz Araújo RW 59 11 (10) 2021-2023
25%
182 Maarten Paes GK 114 0 (0) 2022-2025
25%
271 Mahala Opoku RW 97 15 (9) 2020-2025
25%
149 Maikel Chang RW 122 5 (15) 2020-2024
25%
105 Malte Amundsen CB 136 6 (11) 2021-2025
25%
1331 Manny Perez RB 10 0 (0) 2021-2022
25%
1220 Manu Duah CB 14 0 (0) 2025-2026
25%
718 Marcel Hartel CM 43 12 (9) 2024-2025
25%
465 Marcelino Moreno AM 68 13 (11) 2020-2022
25%
353 Marcelo Silva CB 83 2 (0) 2020-2024
25%
58 Marco Farfán LB 149 3 (7) 2020-2025
25%
963 Marco Reus AM 27 6 (10) 2024-2025
25%
635 Marcos López LB 51 4 (3) 2020-2022
25%
1387 Mario González ST 8 1 (1) 2023-2024
25%
14 Mark Delgado CM 170 11 (12) 2020-2025
25%
1121 Mark McKenzie CB 19 2 (1) 2020-2021
25%
1246 Marko Ilic GK 13 0 (0) 2023-2024
25%
1418 Markus Anderson ST 7 1 (0) 2024-2025
25%
1182 Marlon CB 16 1 (0) 2024-2025
25%
865 Marlon Hairston RW 32 0 (1) 2020-2022
25%
252 Martín Ojeda AM, LW 101 26 (25) 2023-2025
25%
757 Martín Rodríguez LW 39 2 (3) 2022-2023, 2024-2025
25%
274 Mason Toye ST 96 17 (3) 2020-2025
25%
1563 Mateja Djordjević CB 4 0 (0) 2025-2026
25%
540 Mateusz Bogusz AM 60 18 (10) 2023-2024
25%
1078 Matías Rojas AM 21 5 (2) 2024-2025
25%
822 Matko Miljevic AM 35 2 (2) 2021-2023
25%
1654 Matt Bersano GK 2 0 (0) 2022-2023
25%
939 Matt Besler CB 28 0 (0) 2020-2021
25%
246 Matt Hedges CB 102 4 (0) 2020-2024
25%
1716 Matthew Bell LW 1 0 (0) 2024-2025
25%
1414 Matthew Corcoran DM 8 0 (0) 2025-2026
25%
413 Matt Miazga CB 74 2 (2) 2022-2025
25%
27 Matt Polster DM 161 7 (7) 2020-2025
25%
570 Matty Longstaff CM 57 2 (4) 2024-2025
25%
227 Mauricio Pereyra AM 105 3 (24) 2020-2023
25%
57 Mauricio Pineda CB 149 6 (4) 2020-2025
25%
431 Max Arfsten LW 72 10 (12) 2023-2025
25%
188 Maxime Chanot CB 113 2 (2) 2020-2025
25%
1018 Maxime Dominguez CM 24 0 (1) 2025-2026
25%
1025 Maximiliano Falcón CB 24 1 (0) 2025-2026
25%
484 McKinze Gaines RW 66 3 (7) 2021-2024
25%
73 Memo Rodríguez AM 144 8 (12) 2020-2025
25%
552 Michael Baldisimo DM 59 1 (0) 2020-2024
25%
18 Michael Boxall CB 168 4 (2) 2020-2025
25%
300 Michael Bradley CM 92 5 (6) 2020-2023
25%
1360 Michael Collodi GK 9 0 (0) 2025-2026
25%
1253 Michael Nelson GK 13 0 (0) 2021-2022
25%
1720 Michael Sullivan MF 1 0 (0) 2025-2026
25%
1477 Michael Wentzel CB 6 0 (0) 2024-2025
25%
881 Miguel Almirón RW 31 6 (4) 2025-2026
25%
1004 Miguel Araujo CB 25 0 (2) 2023-2024
25%
1211 Miguel Perez CM 15 1 (0) 2023-2024
25%
162 Mikael Uhre ST 119 38 (25) 2022-2025
25%
1464 Mike Azira DM 6 0 (0) 2020-2021
25%
958 Mikkel Desler RB 27 1 (3) 2024-2025
25%
1012 Milan Iloski ST 25 12 (5) 2020-2021, 2025-2026
25%
1777 Missael Rodríguez ST 1 0 (0) 2023-2024
25%
1008 Mo Adams CM 25 0 (1) 2020-2022
25%
351 Mohamed Farsi RM 83 5 (11) 2022-2025
25%
915 Moïse Bombito CB 29 2 (0) 2023-2024
25%
908 Moussa Djitté ST 30 5 (2) 2021-2022
25%
1215 MyKhi Joyner LM 14 1 (0) 2024-2025
25%
961 Myrto Uzuni LW 27 6 (3) 2025-2026
25%
470 Nathan-Dylan Saliba CM 68 2 (1) 2023-2025
25%
203 Nathan Harriel RB 109 6 (5) 2021-2025
25%
546 Nathan Ordaz ST 60 6 (6) 2023-2025
25%
686 Nicholas Gioacchini ST 46 10 (1) 2022-2024
25%
656 Nick Besler CM 48 0 (1) 2020-2022
25%
830 Nick DeLeon RM 34 2 (1) 2020-2021
25%
561 Nick DePuy CB 58 0 (2) 2020-2022
25%
1617 Nick Fernandez DM 2 0 (0) 2025-2026
25%
1718 Nicklaus Sullivan ST 1 0 (0) 2025-2026
25%
62 Nick Lima RB 148 4 (11) 2020-2025
25%
1055 Nicolás Dubersarsky CM 22 0 (1) 2025-2026
25%
101 Nicolás Lodeiro AM 137 16 (25) 2020-2025
25%
1281 Nicolás Rodríguez RW 12 1 (0) 2025-2026
25%
536 Niko Tsakiris CM 61 1 (2) 2022-2025
25%
116 Nkosi Tafari CB 132 7 (4) 2021-2025
25%
455 Noah Allen LB 70 1 (3) 2022-2025
25%
53 Nouhou LB 150 2 (5) 2020-2025
25%
1354 Nuno Santos AM 9 1 (0) 2022-2023
25%
264 Obinna Nwobodo DM 98 2 (6) 2022-2025
25%
810 Oleksandr Svatok CB 35 1 (0) 2024-2025
25%
1239 Olger Escobar AM 13 1 (1) 2025-2026
25%
429 Oliver Larraz CM 72 1 (3) 2021-2022, 2023-2025
25%
977 Omar Campos LB 27 0 (2) 2024-2025
25%
226 Omar González CB 106 4 (1) 2020-2025
25%
1192 Omari Glasgow RM 16 0 (1) 2024-2025
25%
1072 Omar Valencia LB 21 0 (4) 2024-2025
25%
54 Omir Fernandez RW 150 16 (13) 2020-2025
25%
814 Oniel Fisher RB 35 0 (0) 2020-2022
25%
836 Onni Valakari AM 34 4 (8) 2025-2026
25%
1324 Orji Okwonkwo RW 10 1 (1) 2020-2021
25%
970 Osaze Urhoghide CB 27 2 (0) 2025-2026
25%
734 Osman Bukari RW 42 4 (7) 2024-2025
25%
456 Ousseni Bouda ST 70 5 (2) 2022-2025
25%
1071 Owen Gene CM 22 0 (0) 2025-2026
25%
158 Owen Wolff CM 120 10 (15) 2021-2025
25%
1234 Pablo Piatti AM 14 4 (3) 2020-2021
25%
176 Pablo Ruiz CM 115 7 (12) 2020-2025
25%
924 Pablo Sisniega GK 29 0 (0) 2020-2023, 2025-2026
25%
547 Patrick Agyemang ST 59 17 (4) 2023-2025
25%
611 Patrickson Delgado DM 53 5 (8) 2024-2025
25%
768 Patrick Yazbek CM 39 1 (0) 2024-2025
25%
127 Paul Marie RB 129 7 (3) 2020-2025
25%
488 Pavel Bucha CM 66 7 (5) 2024-2025
25%
266 Paxton Pomykal AM 98 2 (5) 2020-2025
25%
1053 Pedrinho RW 23 2 (4) 2025-2026
25%
29 Pedro Gallese GK 161 0 (1) 2020-2025
25%
113 Pedro Santos RW 132 15 (18) 2020-2024
25%
232 Pedro Vite AM 105 11 (5) 2022-2025
25%
1031 Peglow LW 24 3 (4) 2025-2026
25%
487 Peter Stroud CM 66 0 (4) 2023-2025
25%
430 Preston Judd ST 72 10 (4) 2023-2025
25%
152 Quinn Sullivan CM 122 12 (17) 2021-2025
25%
829 Rafael Cabral GK 34 0 (0) 2025-2026
25%
357 Rafael Santos LB 82 3 (7) 2023-2025
25%
155 Randall Leal LW 120 16 (19) 2020-2025
25%
36 Ranko Veselinović CB 158 6 (5) 2020-2025
25%
730 Rasmus Alm RW 42 5 (5) 2023-2025
25%
1519 Raul Gustavo CB 5 0 (1) 2025-2026
25%
255 Raúl Ruidíaz ST 100 50 (6) 2020-2024
25%
1219 Ravel Morrison AM 14 2 (0) 2022-2023
25%
708 Rayan Raveloson CM 44 8 (2) 2021-2022
25%
508 Raymon Gaddis RB 63 0 (1) 2020-2021, 2022-2023
25%
761 Reggie Cannon RB 39 1 (1) 2020-2021, 2024-2025
25%
1736 Rémi Cabral ST 1 0 (0) 2023-2024
25%
462 Riqui Puig CM 68 23 (16) 2022-2024
25%
209 Robert Taylor LW 108 14 (11) 2022-2025
25%
24 Robin Jansson CB 163 6 (1) 2020-2025
25%
1364 Rod Fanni RB 9 0 (0) 2020-2021
25%
662 Rodney Redes RW 48 1 (2) 2021-2023
25%
1288 Rodrigo De Paul CM 11 0 (4) 2025-2026
25%
272 Róger Espinoza CM 97 4 (5) 2020-2023
25%
316 Roman Bürki GK 90 0 (0) 2023-2025
25%
159 Roman Celentano GK 120 0 (0) 2022-2025
25%
380 Romell Quioto ST 78 33 (17) 2020-2023
25%
451 Ronald Hernández RB 70 2 (2) 2021-2025
25%
130 Ruan RM 128 6 (17) 2020-2024
25%
842 Ruben Gabrielsen CB 33 2 (1) 2022-2023
25%
8 Ryan Hollingshead LB 174 20 (13) 2020-2025
25%
1327 Ryan Porteous CB 10 0 (0) 2025-2026
25%
425 Saba Lobjanidze LW 72 12 (16) 2023-2025
25%
494 Sacha Kljestan AM 65 6 (3) 2020-2022
25%
1259 Sam Bassett DM 12 0 (1) 2025-2026
25%
440 Sam Surridge ST 71 38 (5) 2023-2025
25%
478 Samuel Grandsir RW 67 6 (8) 2021-2022
25%
1453 Sam Williams DM 7 0 (0) 2025-2026
25%
122 Santiago Moreno RW 131 20 (29) 2021-2025
25%
1082 Santiago Muñóz ST 21 3 (2) 2025-2026
25%
171 Santiago Rodríguez AM 116 24 (21) 2021-2024
25%
1383 Saphir Taïder CM 8 1 (5) 2020-2021
25%
971 Scott Arfield CM 27 2 (0) 2023-2024
25%
49 Sean Nealis CB 151 2 (3) 2020-2025
25%
1185 Sebastian Anderson RB 16 0 (1) 2021-2024
25%
126 Sebastian Berhalter CM 130 8 (16) 2020-2025
25%
376 Sebastián Blanco AM 79 16 (15) 2020-2023
25%
816 Sébastian Breza GK 35 0 (0) 2021-2022, 2024-2025
25%
219 Sebastián Driussi ST 106 45 (15) 2021-2024
25%
539 Sebastián Ferreira ST 60 18 (6) 2022-2024
25%
74 Sebastian Lletget CM 143 15 (27) 2020-2025
25%
86 Sebastien Ibeagha CB 140 4 (1) 2020-2025
25%
648 Séga Coulibaly CB 49 1 (0) 2021-2023
25%
1147 Sergio Ruiz CM 18 1 (3) 2022-2023
25%
98 Sergio Santos ST 137 24 (14) 2020-2025
25%
1344 Seymour Reid ST 9 1 (0) 2025-2026
25%
1325 Shamit Shome CM 10 0 (0) 2020-2021
25%
247 Shane O'Neill CB 102 1 (1) 2020-2024
25%
261 Shaq Moore RB 99 4 (10) 2022-2025
25%
1698 Sharod George MF 1 0 (0) 2025-2026
25%
1513 Sidnei Tavares CM 5 0 (0) 2023-2024
25%
823 Sofiane Djeffal CM 35 0 (1) 2022-2023
25%
1027 Stefan Cleveland GK 24 0 (0) 2021-2023
25%
56 Stefan Frei GK 150 0 (0) 2020-2025
25%
789 Stephen Afrifa LW 36 4 (2) 2023-2025
25%
328 Steve Birnbaum CB 88 5 (2) 2020-2024
25%
94 Steve Clark GK 138 0 (1) 2020-2024
25%
726 Steven Beitashour RB 42 0 (3) 2021-2023
25%
124 Steven Moreira RB 130 4 (16) 2021-2025
25%
1661 Steven Sserwadda CM 2 0 (0) 2022-2023
25%
1529 Stiven Jimenez CM 4 0 (0) 2023-2025
25%
304 Sunusi Ibrahim ST 92 13 (4) 2021-2025
25%
1026 Szabolcs Schön LB 24 0 (6) 2021-2022
25%
1037 Taha Habroune CM 23 1 (1) 2024-2025
25%
602 Tai Baribo ST 54 25 (4) 2023-2025
25%
678 Tajon Buchanan RM, RW 47 10 (8) 2020-2021
25%
100 Tanner Beason CB 137 0 (3) 2020-2025
25%
996 Tanner Tessmann DM 26 0 (1) 2020-2021
25%
746 Tate Schmitt LB 41 3 (1) 2020-2021, 2022-2025
25%
773 Taxiarchis Fountas CF 38 18 (1) 2022-2023
25%
354 Taylor Washington LB 82 1 (4) 2020-2024
25%
165 Tayvon Gray RB 118 1 (10) 2021-2025
25%
72 Teal Bunbury ST 144 22 (4) 2020-2025
25%
817 Teemu Pukki ST 35 14 (1) 2023-2024
25%
406 Teenage Hadebe CB 75 3 (2) 2021-2025
25%
420 Tesho Akindele ST 73 8 (6) 2020-2022
25%
1167 Theo Bair ST 17 1 (0) 2020-2021
25%
392 Thiago Almada AM 77 23 (24) 2022-2024
25%
562 Thiago Andrade LW 58 10 (3) 2021-2023
25%
180 Thiago Martins CB 114 1 (0) 2022-2025
25%
1097 Thiago Santos CB 20 0 (0) 2020-2021
25%
1413 Thomas Gillier GK 8 0 (0) 2025-2026
25%
818 Thomas Hasal GK 35 0 (0) 2020-2025
25%
1443 Thomas Müller CF 7 7 (3) 2025-2026
25%
1518 Thomas Williams CB 5 0 (0) 2022-2023, 2025-2026
25%
653 Thor Úlfarsson ST 49 7 (2) 2022-2023
25%
334 Timothy Tillman CM 87 8 (8) 2023-2025
25%
51 Tim Parker CB 150 5 (2) 2020-2025
25%
790 Tim Ream CB 36 1 (0) 2024-2025
25%
651 Tomás Chancalay LW 49 12 (3) 2023-2025
25%
883 Tomás Pochettino AM 31 2 (1) 2021-2022
25%
37 Tom Barlow ST 158 15 (2) 2020-2025
25%
1766 Tommy Silva LB 1 0 (0) 2024-2025
25%
333 Tommy Thompson RB 87 2 (6) 2020-2024
25%
85 Tristan Blackmon CB 141 6 (2) 2020-2025
25%
1457 Tristan Brown LB 6 0 (0) 2025-2026
25%
916 Tyger Smalls RW, LW 29 0 (0) 2024-2025
25%
537 Tyler Boyd LW 60 9 (8) 2023-2025
25%
489 Tyler Wolff RW 66 6 (1) 2020-2025
25%
654 Tyrese Spicer LW 48 5 (3) 2024-2025
25%
1426 Ulises Segura AM 7 0 (0) 2020-2021
25%
605 Uri Rosell DM 53 0 (2) 2020-2023
25%
1727 Ventura Alvarado CB 1 0 (0) 2021-2022
25%
840 Victor Loturi CM 34 2 (0) 2025-2026
25%
485 Víctor Vázquez AM 66 5 (8) 2021-2023
25%
1583 Washington Corozo LW 3 0 (1) 2022-2023
25%
248 Wikelman Carmona AM 102 5 (6) 2021-2025
25%
880 Wilfried Zaha LW 31 10 (6) 2025-2026
25%
361 Will Bruin ST 81 10 (4) 2020-2023
25%
163 William Yarbrough GK 118 0 (0) 2020-2024
25%
649 Will Sands LB 49 0 (5) 2022-2025
25%
339 Willy Agada ST 86 23 (7) 2022-2025
25%
1366 Wilson Harris ST 9 0 (0) 2021-2022
25%
16 Wil Trapp DM 168 4 (4) 2020-2025
25%
1321 Winston Reid CB 10 1 (0) 2020-2021
25%
630 Xande Silva LW 51 4 (4) 2023-2025
25%
643 Yannick Bright DM 50 1 (2) 2024-2025
25%
22 Yeimar Gómez Andrade CB 165 7 (3) 2020-2025
25%
259 Yimmi Chará RW 99 15 (15) 2020-2023
25%
256 Yohei Takaoka GK 100 0 (0) 2023-2025
25%
1350 Yony González RW 9 0 (1) 2020-2021
25%
1656 Yosuke Hanya RW 2 0 (0) 2023-2024
25%
76 Yuya Kubo AM 143 14 (8) 2020-2025
25%
314 Zachary Brault-Guillard RB 90 7 (5) 2020-2023
25%
277 Zac MacMath GK 95 0 (0) 2020-2024
25%
387 Zac McGraw CB 78 2 (1) 2021-2025
25%
1333 Zane Monlouis CB 10 0 (0) 2025-2026
25%
270 Žan Kolmanič LB 97 1 (9) 2021-2025
25%
412 Zarek Valentin RB 74 0 (5) 2020-2024
25%
953 Zavier Gozo RW 27 4 (3) 2023-2025
25%
1622 Aaron Bibout ST 2 0 (0) 2023-2024
0%
1287 Aaron Schoenfeld ST 11 1 (0) 2020-2021
0%
1569 Abdi Salim CB 3 0 (0) 2023-2024
0%
997 Abdoulaye Cissoko CB 26 0 (0) 2021-2023
0%
1786 Abdoul Zanne LW 1 0 (0) 2022-2023
0%
1013 Aboubacar Keita CB 25 0 (0) 2020-2021
0%
1652 Abraham Romero GK 2 0 (0) 2024-2025
0%
733 Abu Danladi ST 42 5 (1) 2020-2022
0%
1515 Adam Armour LB 5 1 (0) 2022-2023
0%
1689 Adam Beaudry GK 2 0 (0) 2024-2025
0%
1638 Adam Grinwis GK 2 0 (0) 2021-2022
0%
1144 Adam Jahn ST 18 3 (1) 2020-2021
0%
1691 Adam Pearlman CB 1 0 (0) 2023-2024
0%
1081 Adam Saldaña DM 21 0 (0) 2021-2022, 2025-2026
0%
1690 Adolfo Enriquez CM 1 0 (0) 2024-2025
0%
1616 Adrian Wibowo RW 2 0 (0) 2025-2026
0%
808 Adrien Hunou ST 35 7 (1) 2021-2022
0%
1420 Adrien Regattin AM 7 0 (1) 2020-2021
0%
1357 Aedan Stanley LB 9 0 (0) 2021-2022
0%
949 Ahmed Qasem RW 28 2 (1) 2025-2026
0%
1521 Aiden Harangi RB 5 0 (0) 2025-2026
0%
1630 Aiden Hezarkhani RW 2 0 (0) 2025-2026
0%
1300 Aiden McFadden RB 11 0 (0) 2022-2023
0%
644 Aimé Mabika CB 50 0 (1) 2021-2024
0%
587 Ajani Fortune CM 56 2 (3) 2023-2025
0%
1114 A. J. DeLaGarza RB 19 0 (0) 2020-2022
0%
1682 AJ Marcucci GK 2 0 (0) 2025-2026
0%
573 Akil Watts RB 57 1 (2) 2023-2025
0%
1293 Alan Benítez RB 11 1 (2) 2022-2023
0%
584 Alan Franco CB 56 1 (5) 2021-2022
0%
1323 Alan Franco CM 10 0 (2) 2022-2023
0%
1429 Alan Winn LW 7 0 (0) 2020-2021
0%
1512 Alec Smir GK 5 0 (0) 2024-2025
0%
1308 Alejandro Bran CM 11 1 (0) 2024-2025
0%
1391 Alejandro Fuenmayor CB 8 0 (0) 2020-2021
0%
1788 Alejandro Granados CM 1 0 (0) 2023-2024
0%
473 Alejandro Pozuelo AM 67 16 (17) 2020-2022
0%
1635 Aleksandar Katai AM 2 0 (0) 2020-2021
0%
1090 Alenis Vargas RW 20 2 (1) 2024-2025
0%
491 Alessandro Schöpf CM 65 2 (1) 2022-2024
0%
1203 Alexander Büttner LB 15 0 (3) 2020-2021
0%
424 Alexander Callens CB 72 8 (1) 2020-2022
0%
987 Alexandre Pato ST 26 3 (5) 2021-2022
0%
559 Alexandros Katranis LB 58 4 (8) 2024-2025
0%
1725 Alexandru Băluță RW 1 0 (0) 2025-2026
0%
297 Alexandru Mățan AM 93 5 (11) 2021-2024
0%
1315 Alexandru Mitriță LW 10 4 (1) 2020-2021
0%
1202 Alex DeJohn CB 15 0 (0) 2020-2022
0%
878 Alex Freeman RB 32 6 (4) 2023-2025
0%
1578 Alex Gersbach LB 3 0 (0) 2023-2024
0%
1610 Alexis Manyoma LW 3 0 (0) 2025-2026
0%
990 Alex Mighten LW 26 1 (1) 2025-2026
0%
1602 Alex Monis RW 3 1 (0) 2021-2023
0%
1674 Alex Villanueva LB 2 0 (0) 2021-2022
0%
744 Alhassan Yusuf CM 41 2 (2) 2024-2025
0%
1118 Ali Adnan CB 19 1 (3) 2020-2021
0%
943 Allan Arigoni RB 28 1 (0) 2024-2025
0%
682 Allan Cruz CM 46 2 (0) 2020-2022
0%
1456 Allen Obando ST 6 1 (0) 2025-2026
0%
1110 Alonso Aceves LB 20 0 (0) 2023-2024
0%
388 Alonso Coello CM 77 2 (2) 2023-2025
0%
1419 Álvaro Augusto CB 7 0 (0) 2025-2026
0%
238 Álvaro Barreal LW 104 13 (16) 2020-2023
0%
620 Álvaro Medrán CM 52 5 (9) 2020-2021
0%
1750 Álvaro Quezada RB 1 0 (0) 2021-2022
0%
218 Alvas Powell RB 106 0 (5) 2020-2025
0%
619 Amahl Pellegrino LW 52 11 (7) 2024-2025
0%
211 Amar Sejdić DM 108 2 (1) 2020-2025
0%
1561 Amet Korça CB 4 0 (0) 2023-2024
0%
260 Andreas Maxsø CB 99 3 (1) 2023-2025
0%
1473 André Franco AM 6 0 (4) 2025-2026
0%
1237 Andre Reynolds II LB 14 0 (0) 2020-2021, 2022-2023
0%
370 André Shinyashiki LW 80 15 (2) 2020-2023
0%
554 Andres Jasson RW 59 3 (2) 2021-2024
0%
750 Andrés Ricaurte CM 40 2 (3) 2020-2021
0%
204 Andreu Fontàs CB 109 3 (1) 2020-2024
0%
140 Andrew Brody LB 125 2 (8) 2021-2025
0%
144 Andrew Farrell CB 124 0 (0) 2020-2025
0%
490 Andrew Privett CB 65 1 (0) 2023-2025
0%
1150 Andrew Putna GK 18 0 (0) 2020-2021
0%
1206 Andrew Thomas GK 15 0 (0) 2024-2025
0%
1190 Andrew Wooten ST 16 0 (2) 2020-2021
0%
1705 Andy Batioja LW 1 0 (0) 2025-2026
0%
1160 Andy Polo RW 17 1 (1) 2020-2021
0%
1700 Anisse Saidi ST 1 0 (0) 2025-2026
0%
967 Anthony Fontana AM 27 6 (0) 2020-2021
0%
410 Anthony Markanich Jr. LB 75 10 (2) 2022-2025
0%
1671 Antoine Coupland RM 2 1 (0) 2025-2026
0%
294 Antônio Carlos CB 93 5 (2) 2020-2023, 2025-2026
0%
1609 Antonio Delamea Mlinar CB 3 0 (0) 2020-2021
0%
591 Anton Tinnerholm RB 55 4 (7) 2020-2022
0%
454 Antony LW 70 14 (10) 2023-2025
0%
1769 Antony Curic CB 1 0 (0) 2023-2024
0%
1486 Archie Goodwin ST 6 0 (0) 2025-2026
0%
1016 Ariath Piol ST 24 1 (1) 2025-2026
0%
627 Arnaud Souquet RB 51 0 (4) 2023-2024
0%
702 Arnór Ingvi Traustason CM 44 2 (5) 2021-2022
0%
1112 Arquímides Ordóñez ST 20 0 (0) 2021-2023
0%
1001 Artem Smolyakov LB 26 1 (3) 2025-2026
0%
1424 Ashley Fletcher ST 7 0 (0) 2022-2023
0%
293 Ashley Westwood DM 94 6 (12) 2023-2025
0%
1384 Ashtone Morgan LB 8 0 (0) 2021-2022
0%
799 Asier Illarramendi DM 36 2 (5) 2023-2024
0%
752 Auro RB 40 0 (4) 2020-2021
0%
582 Auston Trusty CB 56 1 (1) 2020-2022
0%
1775 Axel Kei ST 1 0 (0) 2023-2024
0%
1623 Axel Sjöberg CB 2 0 (0) 2020-2021
0%
1520 Ayoub Jabbari ST 5 0 (0) 2025-2026
0%
1765 Azaad Liadi ST 1 0 (0) 2022-2023
0%
441 Bakaye Dibassy CB 71 2 (0) 2020-2023
0%
1471 Ballou Tabla LW 6 1 (0) 2020-2021
0%
567 Bartosz Slisz DM 57 3 (1) 2024-2025
0%
1191 Belal Halbouni CB 16 0 (0) 2024-2025
0%
563 Ben Bender CM 58 7 (8) 2022-2025
0%
1480 Beni Redzic LW 6 0 (0) 2022-2023
0%
432 Benja Cremaschi CM 72 7 (7) 2023-2025
0%
1244 Ben Lundt GK 13 0 (0) 2023-2025
0%
1552 Ben Mines RW 4 1 (1) 2020-2021
0%
1749 Ben Reveno CB 1 0 (0) 2022-2023
0%
1706 Ben Stitz ST 1 0 (0) 2023-2024
0%
418 Bernard Kamungo RW 74 8 (6) 2022-2025
0%
1313 Bertin Jacquesson RW 10 0 (0) 2023-2024
0%
278 Bill Tuiloma CB 95 9 (3) 2020-2025
0%
1271 Billy Sharp ST 12 6 (1) 2023-2024
0%
581 Birk Risa CB 56 0 (1) 2023-2025
0%
759 Bjørn Inge Utvik CB 39 0 (0) 2024-2025
0%
1266 Blake Bodily LM 12 0 (0) 2021-2022
0%
666 Bobby Shuttleworth GK 47 0 (0) 2020-2022
0%
386 Bode Hidalgo RB 78 1 (3) 2022-2025
0%
888 Boniek García CM 31 0 (0) 2020-2021
0%
800 Boris Enow CM 36 1 (0) 2024-2025
0%
372 Boris Sekulic RB 79 4 (9) 2020-2022
0%
1296 Brad Knighton GK 11 0 (0) 2020-2022
0%
1009 Braian Cufré LB 25 2 (4) 2023-2024
0%
624 Braian Galván RM 52 4 (4) 2020-2021, 2023-2024
0%
1509 Brandon Austin GK 5 0 (0) 2021-2022
0%
108 Brandon Bye RB 135 7 (13) 2020-2025
0%
1217 Brandon Cambridge RW 14 2 (0) 2023-2025
0%
199 Brandon Servania CM 110 3 (7) 2020-2025
0%
1636 Brayan Beckeles CB 2 0 (0) 2020-2021
0%
933 Brayan Ceballos CB 29 1 (0) 2025-2026
0%
408 Brayan Vera CB 75 6 (3) 2023-2025
0%
919 Brecht Dejaegere CM 29 2 (2) 2023-2024
0%
399 Brenner ST 76 31 (8) 2021-2023, 2025-2026
0%
510 Brent Kallman CB 63 4 (0) 2020-2024
0%
751 Bressan CB 40 1 (1) 2020-2021
0%
872 Bret Halsey RB 32 0 (0) 2023-2025
0%
699 Brooklyn Raines CM 45 0 (0) 2022-2025
0%
845 Bruno Damiani ST 33 7 (1) 2025-2026
0%
1161 Bruno Gaspar RB 17 1 (1) 2021-2022
0%
935 Bruno Wilson CB 29 2 (2) 2024-2025
0%
1576 Bryan Meredith GK 3 0 (0) 2020-2021
0%
681 Bryan Oviedo LB 46 0 (7) 2022-2024
0%
1165 Bryan Reynolds RB 17 0 (4) 2020-2021
0%
1454 Caden Glover ST 6 0 (0) 2023-2024
0%
1128 Caio Alexandre DM 19 0 (1) 2021-2022
0%
898 Caleb Stanko DM 30 0 (0) 2020-2021
0%
396 Caleb Wiley LB 77 6 (5) 2022-2024
0%
1066 Calegari RB 22 0 (1) 2023-2024
0%
1369 Cal Jennings ST 9 0 (0) 2021-2022
0%
1621 Cam Cilley DM 2 0 (0) 2023-2024
0%
1107 Cameron Dunbar LW 20 0 (0) 2020-2021, 2023-2024
0%
291 Cameron Harper RW 94 11 (9) 2021-2025
0%
647 Carlos Akapo RB 49 2 (4) 2023-2024
0%
740 Carlos Fierro LW 41 5 (5) 2020-2021
0%
877 Carlos Garcés CB 32 1 (1) 2024-2025
0%
618 Carlos Gruezo DM 52 0 (2) 2023-2024
0%
337 Carlos Terán CB 87 5 (1) 2020-2025
0%
1481 Carl Sainté DM 6 0 (0) 2024-2025
0%
1493 Cassius Mailula ST 5 0 (0) 2023-2024
0%
1434 Cayman Togashi ST 7 0 (0) 2025-2026
0%
862 Cedric Teuchert ST 32 8 (5) 2024-2025
0%
1223 Cesar Ruvalcaba CB 14 1 (0) 2025-2026
0%
1380 Charlie Sharp ST 8 0 (1) 2024-2025
0%
439 Chase Gasper LB 71 2 (2) 2020-2024
0%
422 Chicharito ST 73 37 (7) 2020-2023
0%
964 Chidozie Awaziem CB 27 0 (3) 2024-2025
0%
1467 Chris Cadden RB 6 0 (0) 2020-2021
0%
1292 Chris Duvall RB 11 0 (0) 2020-2021
0%
1205 Chris Gloster LB 15 1 (1) 2021-2022
0%
1404 Chris Hegardt CM 8 0 (0) 2022-2023
0%
1639 Chris Kablan LB 2 0 (0) 2022-2023
0%
743 Chris Odoi-Atsem RB 41 1 (0) 2020-2022
0%
1417 Chris Rindov CB 7 0 (0) 2023-2024, 2025-2026
0%
1332 Chris Seitz GK 10 0 (0) 2020-2021
0%
995 Christian Fuchs LB 26 3 (0) 2022-2023
0%
1345 Christian Mafla LB 9 0 (0) 2021-2022
0%
541 Christian Makoun CB 60 2 (1) 2020-2023
0%
1415 Christian McFarlane LB 8 0 (0) 2024-2025
0%
1197 Christian Ortíz AM 15 1 (2) 2022-2023
0%
1498 Christopher Applewhite CB 5 0 (0) 2025-2026
0%
1531 Christopher Cupps CB 4 0 (0) 2025-2026
0%
1604 Christopher Garcia RM 3 0 (0) 2020-2021, 2022-2023
0%
634 Chris Wondolowski ST 51 10 (1) 2020-2021
0%
1695 CJ Olney Jr. LM 1 0 (0) 2024-2025
0%
245 C.J. Sapong ST 102 20 (11) 2020-2023
0%
1235 Clément Bayiha RW 14 0 (0) 2020-2021
0%
899 Clément Diop GK 30 0 (0) 2020-2023
0%
950 Cody Baker RB 28 0 (1) 2023-2025
0%
1175 Cody Cropper GK 16 0 (1) 2021-2022
0%
1568 Cole Mrowka CM 3 0 (0) 2024-2025
0%
1497 Colin Guske DM 5 0 (0) 2025-2026
0%
755 Collen Warner CM 39 2 (0) 2020-2022
0%
973 Conner Antley RB 27 1 (2) 2024-2025
0%
345 Connor Ronan CM 84 2 (10) 2023-2025
0%
1734 Connor Sparrow GK 1 0 (0) 2020-2021
0%
869 Conrad Wallem RM 32 1 (2) 2025-2026
0%
1140 Corentin Jean ST 18 1 (1) 2022-2023
0%
336 Cristian Cásseres Jr. CM 87 11 (10) 2020-2023
0%
96 Cristian Dájome LW 138 18 (14) 2020-2024
0%
889 Cristian Olivera RW 31 8 (2) 2023-2024
0%
1120 Cristian Pavón RW 19 8 (3) 2020-2021
0%
1225 Cristian Penilla LW 14 0 (3) 2020-2021
0%
1540 Cristian Tello LW 4 0 (0) 2022-2023
0%
1712 Cyprian Kachwele ST 1 0 (0) 2024-2025
0%
303 Dagur Dan Thórhallsson RB 92 7 (9) 2023-2025
0%
195 Dairon Asprilla RW 111 26 (11) 2020-2024
0%
1760 Damiano Pecile DM 1 0 (0) 2020-2021
0%
1083 Damián Rivera LW 21 1 (0) 2021-2023
0%
637 Daniel Aguirre CM 51 2 (3) 2021-2024
0%
713 Daniel Munie CB 44 2 (1) 2023-2025
0%
876 Daniel Royer LW 32 4 (2) 2020-2021
0%
1338 Daniel Vega GK 10 0 (0) 2020-2021
0%
767 Danley Jean Jacques DM 39 3 (3) 2024-2025
0%
1151 Danny Crisostomo DM 18 0 (0) 2021-2023
0%
311 Danny Leyva DM 91 0 (4) 2020-2025
0%
1608 Danny Trejo AM, LW 3 0 (0) 2022-2023
0%
299 Danny Wilson CB 92 3 (2) 2020-2023
0%
632 Dante Vanzeir ST 51 6 (10) 2023-2024
0%
1484 Dantouma Toure RW 6 1 (0) 2021-2022
0%
599 Dany Rosero CB 54 4 (0) 2023-2025
0%
1755 Daouda Amadou DM 1 0 (0) 2025-2026
0%
1533 Darius Randell RW 4 0 (0) 2025-2026
0%
435 Darwin Cerén DM 71 1 (3) 2020-2022
0%
453 Darwin Quintero AM 70 17 (11) 2020-2022
0%
1422 David Accam RW 7 1 (0) 2020-2021
0%
658 David Brekalo CB 48 2 (2) 2024-2025
0%
874 David Da Costa AM 32 4 (7) 2025-2026
0%
1407 David Jensen GK 8 0 (0) 2020-2021
0%
1584 David Loera ST 3 0 (0) 2020-2021
0%
1247 David Milinkovic LW 13 1 (3) 2020-2021
0%
835 David Schnegg LB 34 1 (1) 2024-2025
0%
284 Deandre Kerr ST 95 15 (2) 2022-2025
0%
458 Deiber Caicedo LW 69 6 (9) 2021-2024
0%
1238 Dejan Jakovic CB 14 1 (0) 2020-2021
0%
1077 Denil Maldonado CB 21 1 (0) 2023-2024
0%
685 Dennis Gjengaar RW 46 4 (1) 2024-2025
0%
1236 Derek Dodson RB 14 0 (2) 2025-2026
0%
691 Devin Padelford LB 46 1 (1) 2023-2025
0%
1730 Diadié Samassékou DM 1 0 (0) 2025-2026
0%
1511 Diédié Traoré LB 5 0 (0) 2020-2021
0%
1684 Diego García CM 2 0 (0) 2025-2026
0%
269 Diego Palacios LB 97 1 (8) 2020-2023
0%
659 Diego Váleri AM 48 9 (6) 2020-2021
0%
775 Diogo Gonçalves LW 38 6 (6) 2024-2025
0%
1017 Dixon Arroyo DM 24 1 (0) 2023-2024
0%
608 Djibril Diani DM 53 1 (1) 2024-2025
0%
722 Djordje Petrovic GK 43 0 (1) 2022-2023
0%
788 Dom Dwyer ST 36 4 (1) 2021-2022
0%
1204 Domenico Criscito LB 15 1 (0) 2022-2023
0%
1504 Dominik Fitz AM 5 0 (0) 2025-2026
0%
910 Dominik Marczuk RW 30 2 (3) 2024-2025
0%
1029 Dominik Yankov AM 24 2 (1) 2024-2025
0%
1261 Doneil Henry CB 12 0 (0) 2022-2023
0%
791 Donny Toia LB 36 0 (0) 2020-2021
0%
1599 Dor Turgeman ST 3 3 (1) 2025-2026
0%
688 Douglas Costa RW 46 7 (8) 2022-2023
0%
763 Drew Skundrich CM 39 0 (2) 2021-2022
0%
197 Dru Yearwood CM 111 4 (4) 2020-2024
0%
1143 Duane Holmes RM 18 1 (2) 2025-2026
0%
783 Dylan Borrero LW 37 6 (4) 2022-2024
0%
709 Dylan Chambost AM, CM 44 1 (9) 2024-2025
0%
1011 Dylan Teves CM 25 2 (0) 2022-2024
0%
1060 Earl Edwards Jr. GK 22 0 (0) 2022-2025
0%
1757 Easton Ongaro ST 1 0 (0) 2022-2023
0%
1207 Eddie Munjoma LB 15 0 (1) 2021-2022
0%
1696 Eddy Davis III ST 1 0 (0) 2025-2026
0%
1169 Edgar Castillo LB 17 1 (0) 2020-2021
0%
436 Eduard Löwen CM 71 17 (15) 2023-2025
0%
1309 Edward Kizza ST 11 0 (1) 2021-2022
0%
586 Edwin Mosquera LW 56 5 (5) 2022-2025
0%
1642 Eldin Jakupović GK 2 0 (0) 2023-2024
0%
480 Elias Manoel ST 67 13 (6) 2022-2024
0%
1153 Elijah Wynder CM 18 2 (1) 2025-2026
0%
811 Elliot Collier ST 35 0 (0) 2020-2021
0%
1334 Elliot Panicco GK 10 0 (0) 2022-2024
0%
360 Eloy Room GK 82 0 (0) 2020-2023
0%
947 Emanuel Maciel CM 28 0 (2) 2020-2021
0%
257 Ema Twumasi LB 100 1 (2) 2020-2024
0%
358 Emeka Eneli DM 82 1 (2) 2023-2025
0%
850 Emerson Hyndman CM 33 3 (2) 2020-2022
0%
1402 Emil Cuello LB 8 0 (0) 2020-2021
0%
1761 Emiliano Brienza ST 1 0 (0) 2022-2023
0%
1122 Emiliano Insúa LB 19 0 (2) 2020-2021
0%
1593 Emmanuel Iwe LW 3 0 (0) 2023-2024
0%
1193 Emmanuel Más LB 16 0 (1) 2021-2022
0%
942 Emmanuel Sabbi RW 28 7 (5) 2025-2026
0%
1411 Ender Echenique RW 8 1 (1) 2025-2026
0%
1359 Enea Mihaj CB 9 0 (1) 2025-2026
0%
819 Enzo Copetti ST 35 7 (3) 2023-2024
0%
705 Ercan Kara ST 44 16 (4) 2022-2023
0%
1470 Eric Calvillo CM 6 0 (0) 2020-2021
0%
1626 Eric Klein CB 2 0 (0) 2025-2026
0%
1550 Erickson Gallardo RW 4 0 (0) 2020-2021
0%
457 Eric Remedi DM 69 1 (1) 2020-2022
0%
737 Érik Dueñas CM 42 0 (1) 2020-2021, 2023-2025
0%
820 Erik Holt CB 35 1 (0) 2020-2023
0%
629 Erik Hurtado ST 51 8 (1) 2020-2023
0%
1095 Erik Sorga ST 20 1 (0) 2020-2021
0%
511 Erik Sviatchenko CB 63 1 (3) 2023-2025
0%
780 Esequiel Barco AM 37 9 (8) 2020-2021
0%
698 Esmir Bajraktarević RW 45 3 (1) 2022-2024
0%
369 Ethan Bartlow CB 80 0 (3) 2022-2025
0%
1365 Ethan Bristow LB 9 0 (0) 2023-2024
0%
1127 Ethan Dobbelaere RM 19 0 (0) 2020-2023
0%
622 Ethan Zubak ST 52 3 (2) 2020-2023
0%
1094 Evan Bush GK 20 0 (0) 2020-2021, 2024-2025
0%
1506 Evan Louro GK 5 0 (0) 2024-2025
0%
665 Éverton Luiz DM 48 0 (1) 2020-2022
0%
731 Ezequiel Ponce ST 42 15 (1) 2024-2025
0%
1304 Facundo Farías AM 11 3 (1) 2023-2024
0%
1374 Fallou Fall CB 8 0 (1) 2025-2026
0%
1132 Fanendo Adi ST 19 1 (0) 2020-2021
0%
1388 Fatai Alashe DM 8 1 (0) 2020-2021
0%
1789 Favian Loyola ST 1 0 (0) 2023-2024
0%
414 Federico Navarro DM 74 3 (3) 2021-2024
0%
804 Federico Redondo DM 36 2 (3) 2024-2025
0%
988 Felipe Carballo CM 26 0 (2) 2024-2025
0%
1034 Femi Awodesu CB 24 1 (0) 2025-2026
0%
1336 Fernando Meza CB 10 0 (0) 2020-2021
0%
1088 Fidel Barajas RW 21 0 (2) 2024-2025
0%
1361 Filip Krastev LW 9 1 (0) 2023-2024
0%
560 Florian Jungwirth CB 58 1 (1) 2020-2022
0%
1139 Forster Ajago ST 18 1 (0) 2024-2025
0%
1646 Foster Langsdorf ST 2 0 (0) 2020-2021
0%
646 Francisco Calvo CB 49 4 (2) 2020-2022
0%
636 Francisco Ginella CM 51 1 (1) 2020-2022
0%
921 Franck Boli ST 29 7 (1) 2023-2024
0%
268 Franco Fragapane LW 97 14 (15) 2021-2024
0%
544 Franco Ibarra DM 60 0 (1) 2021-2023
0%
1015 Frankie Westfield RB 25 1 (3) 2025-2026
0%
1551 Franko Kovacevic ST 4 0 (0) 2020-2021
0%
1595 Freddy Kleemann CB 3 0 (0) 2021-2022
0%
1251 Freddy Vargas CF 13 0 (0) 2021-2022
0%
827 Frédéric Brillant CB 35 2 (0) 2020-2021
0%
331 Fredy Montero ST 88 17 (9) 2020-2023
0%
450 Gabriele Corbo CB 70 0 (1) 2022-2024
0%
444 Gabriel Pirani AM 71 14 (4) 2023-2025
0%
838 Gabriel Segal ST 34 6 (0) 2023-2025
0%
1461 Gage Guerra ST 6 0 (0) 2025-2026
0%
1401 Gaoussou Samaké LB 8 0 (0) 2022-2023
0%
1131 Gary Mackay-Steven LM 19 2 (1) 2020-2021
0%
1155 Gavin Beavers GK 18 0 (1) 2023-2024
0%
1141 Gedion Zelalem DM 18 0 (0) 2021-2022
0%
1240 Gelmin Rivas ST 13 2 (0) 2020-2021
0%
600 Geoff Cameron CB 54 0 (4) 2021-2022
0%
677 George Bello LB 47 2 (4) 2020-2021
0%
225 George Campbell CB 106 2 (4) 2020-2025
0%
1020 George Fochive CM 24 2 (0) 2021-2022
0%
575 Georgios Koutsias ST 57 5 (3) 2023-2024
0%
598 Gerardo Valenzuela AM 55 6 (2) 2023-2025
0%
1177 Gerso LW 16 2 (3) 2020-2021
0%
1741 Gilbert Fuentes AM 1 0 (0) 2020-2021
0%
1570 Gino Vivi LW 3 0 (0) 2023-2024
0%
1138 Giuseppe Bovalina RB 18 0 (2) 2024-2025
0%
1726 Gordon Wild CF 1 0 (0) 2020-2021
0%
419 Graham Zusi RB 73 2 (7) 2020-2023
0%
1371 Grayson Barber RW 9 0 (0) 2021-2022
0%
503 Gregore DM 64 0 (6) 2021-2023
0%
1433 Greg Ranjitsingh GK 7 0 (0) 2020-2021, 2023-2024
0%
738 Gudmundur Thórarinsson LB 41 2 (3) 2020-2021
0%
1588 Guram Kashia CB 3 0 (0) 2020-2021
0%
1466 Gustav Berggren DM 6 0 (0) 2025-2026
0%
1494 Gustavo Caraballo RW 5 0 (0) 2025-2026
0%
650 Gustavo Vallecilla CB 49 2 (0) 2021-2023
0%
1358 Gustav Svensson CB 9 0 (0) 2020-2021
0%
886 Guzmán Corujo CB 31 1 (0) 2022-2023
0%
1710 Hakim Karamoko RW 1 0 (0) 2025-2026
0%
1314 Hamady Diop LB 10 0 (0) 2023-2024, 2025-2026
0%
1326 Handwalla Bwana LW 10 0 (0) 2020-2022
0%
474 Haris Medunjanin CM 67 4 (1) 2020-2022
0%
1687 Harrison Robledo DM 2 0 (0) 2022-2023
0%
1645 Harry Shipp LW 2 0 (0) 2020-2021
0%
1577 Harry Toffolo LB 3 0 (1) 2025-2026
0%
1274 Harvey Neville LB 12 0 (0) 2022-2023
0%
151 Hassani Dotson CM 122 13 (12) 2020-2025
0%
1166 Hassan Ndam CB 17 0 (0) 2022-2023
0%
1598 Hayden Sargis CB 3 0 (0) 2023-2024
0%
461 Héber ST 68 11 (2) 2020-2023
0%
1392 Henrich Ravas GK 8 0 (0) 2024-2025
0%
1322 Henry Wingo RB 10 0 (0) 2024-2025
0%
1258 Herbert Endeley RB 12 0 (0) 2023-2024
0%
667 Hosei Kijima CM 47 3 (1) 2024-2025
0%
1562 Ho-yeon Jung CM 4 0 (0) 2025-2026
0%
1715 Hugo Bacharach CB 1 0 (0) 2024-2025
0%
502 Hugo Cuypers ST 64 27 (4) 2024-2025
0%
1280 Hugo Mbongue ST 12 0 (0) 2022-2023
0%
1416 Hugo Picard LM 8 0 (0) 2025-2026
0%
1665 Hunter Sulte GK 2 0 (0) 2021-2022
0%
687 Ian Fray CB 46 4 (2) 2023-2025
0%
1530 Ian Glavinovich CB 4 1 (0) 2025-2026
0%
486 Ian Harkes CM 66 6 (3) 2023-2025
0%
1475 Ian Hoffmann RB 6 0 (0) 2021-2022
0%
1381 Ian James CB 8 0 (0) 2025-2026
0%
275 Ian Murphy CB 96 1 (0) 2022-2025
0%
324 Ibrahim Aliyu ST 89 12 (9) 2023-2025
0%
745 Ignacio Aliseda LW 41 5 (3) 2020-2021
0%
1103 Ignatius Ganago ST 20 3 (4) 2025-2026
0%
1634 Ike Opara CB 2 2 (0) 2020-2021
0%
1476 Ilias Iliadis DM 6 0 (0) 2023-2024
0%
1028 Ilsinho RM 24 2 (3) 2020-2021
0%
1753 Irakoze Donasiyano CM 1 0 (0) 2021-2022
0%
1049 Isaac Atanga RW 23 1 (2) 2021-2022
0%
1564 Isaac Boehmer GK 4 0 (0) 2022-2023, 2024-2025
0%
1782 Isaiah Foster LB 1 0 (0) 2024-2025
0%
712 Isaiah Parente CM 44 0 (1) 2021-2022, 2023-2025
0%
1306 Isak Jensen LW 11 0 (0) 2023-2024
0%
640 Ismael Tajouri-Shradi RW 50 12 (4) 2020-2023
0%
1735 Ismaila Jome LB 1 0 (0) 2021-2022
0%
1614 Israel Boatwright RB 2 0 (0) 2023-2024
0%
200 Iván Angulo LW 110 10 (21) 2022-2025
0%
992 Iván Franco CF 26 3 (1) 2023-2024
0%
1597 Jack de Vries RW 3 0 (0) 2020-2021
0%
1762 Jack Gurr RB 1 0 (0) 2021-2022
0%
1170 Jack Lynn ST 17 2 (0) 2022-2024
0%
143 Jack McGlynn CM 125 13 (17) 2021-2025
0%
1708 Jack Neeley CB 1 0 (0) 2025-2026
0%
1171 Jack Panayotou CM 17 0 (0) 2023-2024
0%
507 Jack Price CM 63 0 (17) 2020-2023
0%
1719 Jackson Castro CM 1 0 (0) 2025-2026
0%
1294 Jackson Conway ST 11 1 (0) 2021-2023
0%
524 Jackson Hopkins AM 62 3 (1) 2022-2025
0%
192 Jackson Ragen CB 112 5 (6) 2022-2025
0%
1158 Jackson Travis LB 18 0 (0) 2024-2025
0%
1744 Jacob Akanyirige RB 1 0 (0) 2020-2021
0%
894 Jacob Bartlett DM 30 0 (1) 2025-2026
0%
1302 Jacob Greene LB 11 1 (0) 2023-2024
0%
628 Jacob Murrell ST 51 3 (3) 2024-2025
0%
837 Jacori Hayes CM 34 1 (2) 2020-2022
0%
1579 Jailson DM 3 0 (0) 2025-2026
0%
1557 Jairo Quinteros CB 4 0 (0) 2022-2023
0%
1156 Jake Girdwood-Reich CB, DM 18 0 (0) 2024-2025
0%
519 Jake Mulraney RW 62 3 (3) 2020-2022
0%
216 Jake Nerwinski RB 107 4 (2) 2020-2024
0%
940 Jalil Anibaba CB 28 1 (0) 2020-2022
0%
565 Jamal Thiaré ST 57 11 (4) 2023-2025
0%
1091 Jamar Ricketts LB 20 1 (2) 2024-2025
0%
1045 James Igbekeme DM 23 0 (0) 2022-2023
0%
1541 Jamie Paterson AM 4 0 (0) 2024-2025
0%
308 Ján Greguš CM 91 2 (11) 2020-2024
0%
692 Janio Bikel CM 45 1 (1) 2020-2021
0%
1142 Jannes Horn LB 18 0 (2) 2024-2025
0%
1059 Jan Sobocinski CB 22 0 (0) 2022-2023
0%
390 Jaroslaw Niezgoda ST 77 19 (5) 2020-2023
0%
1021 Jason Pendant LB 24 0 (2) 2020-2022
0%
1714 Jason Shokalook ST 1 0 (1) 2025-2026
0%
362 Jasper Löffelsend RB, RM 81 2 (5) 2022-2025
0%
1653 Jasser Khmiri CB 2 0 (0) 2020-2021
0%
1303 Javier Casas CM 11 0 (0) 2021-2024
0%
1606 Javier Otero GK 3 0 (0) 2024-2025
0%
897 Jay Chapman CM 30 0 (1) 2020-2021
0%
1379 Jayden Hibbert GK 8 0 (0) 2025-2026
0%
1785 Jay Herdman AM 1 0 (0) 2024-2025
0%
374 Jaylin Lindsey LB 79 3 (5) 2020-2024
0%
843 J.C. Ngando DM 33 2 (3) 2023-2024, 2025-2026
0%
655 Jean Mota CM 48 2 (6) 2022-2024
0%
1002 Jeevan Badwal CM 25 1 (2) 2025-2026
0%
1542 Jeff Attinella GK 4 0 (0) 2020-2021
0%
1704 Jefferson Valverde DM 1 0 (0) 2024-2025
0%
1179 Jeff Larentowicz DM 16 2 (0) 2020-2021
0%
1061 Jeison Palacios CB 22 2 (0) 2025-2026
0%
1284 Jeorgio Kocevski CM 11 0 (0) 2024-2025
0%
1672 Jeremy Garay CM 2 0 (0) 2024-2025
0%
1436 Jeremy Kelly LM 7 0 (1) 2020-2021
0%
972 Jeremy Rafanello AM 27 0 (0) 2023-2025
0%
806 Jere Uronen LB 35 0 (5) 2023-2024
0%
1776 Jerome Kiesewetter ST 1 0 (0) 2020-2021
0%
1285 Jesus Barea ST 11 0 (0) 2025-2026
0%
1685 Jesús Batiz LW 2 0 (0) 2023-2024
0%
497 Jesús Bueno DM 65 4 (0) 2021-2025
0%
621 Jesús Medina RW 52 13 (4) 2020-2021
0%
592 Jhegson Méndez DM 55 1 (0) 2020-2022
0%
900 Jhonder Cádiz ST 30 4 (2) 2020-2021
0%
974 Jhon Durán ST 27 8 (5) 2022-2023
0%
993 Jimer Fory LB, LM 26 0 (2) 2025-2026
0%
606 Jimmy Maurer GK 53 0 (0) 2020-2025
0%
1724 Jimmy McLaughlin CM 1 0 (0) 2020-2021
0%
549 Jimmy Medranda LB 59 5 (5) 2020-2023
0%
849 Joakim Nilsson CB 33 1 (0) 2023-2025
0%
609 João Moutinho LB 53 2 (3) 2020-2022
0%
1098 Joao Ortiz DM 20 0 (0) 2025-2026
0%
1452 João Pedro LB 7 0 (0) 2024-2025
0%
1125 Joaquín Sosa CB 19 0 (1) 2024-2025
0%
1242 Joe Bendik GK 13 0 (0) 2020-2021, 2023-2024
0%
748 Joe Gyau LW 40 1 (0) 2020-2021
0%
1554 Joe Scally RB 4 0 (0) 2020-2021
0%
1701 Joey Akpunonu CB 1 0 (0) 2023-2024
0%
930 Joey DeZart DM 29 0 (0) 2020-2022
0%
1676 Joey Skinner LB 2 0 (0) 2024-2025
0%
917 Johan Kappelhof CB 29 1 (0) 2020-2022
0%
1273 Johnny Klein RM 12 1 (1) 2023-2024
0%
1713 Johnny Selemani LW 1 0 (0) 2025-2026
0%
831 Jonathan Bamba LW 34 5 (4) 2025-2026
0%
449 Jonathan Bornstein LB 70 2 (1) 2020-2022
0%
407 Jonathan Dean RB 75 2 (4) 2023-2025
0%
1164 Jonathan Klinsmann GK 17 0 (0) 2020-2021, 2023-2024
0%
1076 Jonathan Menéndez LW 21 1 (3) 2021-2022
0%
938 Jonathan Shore CM 28 1 (0) 2025-2026
0%
1262 Jon Kempin GK 12 0 (0) 2021-2022
0%
1405 Joon-hong Kim GK 8 0 (0) 2025-2026
0%
1108 Joran Gerbet DM 20 0 (2) 2025-2026
0%
1297 Jordan Adebayo-Smith ST 11 0 (0) 2024-2025
0%
1667 Jordan Bender LM 2 0 (0) 2020-2021
0%
1745 Jordan Faria LM 1 0 (0) 2023-2024
0%
1644 Jordan Hamilton ST 2 0 (0) 2020-2021
0%
1105 Jordy Alcívar DM 20 1 (1) 2022-2023
0%
1145 Jordy Delem DM 18 0 (0) 2020-2021
0%
1263 Jorge Corrales LB 12 0 (1) 2020-2021
0%
1522 Jorge Hurtado ST 5 0 (0) 2023-2024
0%
1319 José Aja CB 10 1 (0) 2020-2021
0%
1355 José Bizama CB 9 0 (0) 2020-2021
0%
564 Josecarlos van Rankin RB 57 1 (3) 2021-2022
0%
1440 José Fajardo ST 7 0 (0) 2023-2024
0%
1317 José Mauri CM 10 1 (1) 2021-2022
0%
1449 José Mulato ST 7 0 (0) 2023-2024
0%
1450 Joseph Zalinsky RB 7 0 (0) 2025-2026
0%
555 Josh Bauer CB 59 2 (2) 2023-2025
0%
1702 Josh Bolma CM 1 0 (0) 2023-2024
0%
1582 Josh Cohen GK 3 0 (0) 2024-2025
0%
1751 Josh Drack LB 1 0 (0) 2021-2022
0%
1664 Josh Penn LW 2 0 (0) 2021-2022
0%
1643 Josh Sims RW 2 0 (0) 2020-2021
0%
1500 Joshua Torquato LB 5 0 (0) 2025-2026
0%
673 Joshua Yaro CB 47 1 (0) 2023-2025
0%
1446 Joshué Quiñónez CB 7 0 (0) 2022-2023
0%
873 Jovan Lukić CM 32 2 (2) 2025-2026
0%
1301 Jovan Mijatović ST 11 0 (0) 2024-2025
0%
1003 Juan Agudelo ST 25 2 (0) 2020-2021
0%
1328 Juan Berrocal CB 10 0 (0) 2025-2026
0%
1677 Juan Castilla CM 2 0 (0) 2021-2022
0%
696 Juan José Purata CB 45 7 (0) 2022-2023
0%
290 Juan Mosquera RB 94 4 (11) 2022-2025
0%
421 Judson DM 73 0 (0) 2020-2023
0%
409 Julián Aude LB 75 1 (3) 2023-2025
0%
191 Julián Carranza ST 112 37 (14) 2020-2024
0%
1739 Julian Dunn CB 1 0 (0) 2021-2022
0%
111 Júnior Urso CM 133 14 (6) 2020-2025
0%
1019 Jürgen Damm RW 24 0 (4) 2020-2021
0%
982 Jürgen Locadia ST 26 2 (0) 2020-2021
0%
1210 Justin Che RB 15 0 (3) 2021-2022
0%
1728 Justin Dhillon ST 1 0 (0) 2020-2021
0%
1694 Justin Ellis ST 1 0 (0) 2025-2026
0%
1438 Justin McMaster RM 7 0 (1) 2021-2022
0%
807 Justin Morrow LB 35 0 (1) 2020-2021
0%
1427 Justin Portillo DM 7 0 (0) 2020-2021
0%
1187 Justin Rasmussen LB 16 0 (0) 2022-2023
0%
815 Justin Rennicks ST 35 2 (1) 2020-2023
0%
1279 Justin Reynolds RB 12 1 (0) 2024-2025
0%
1396 Kadin Chung RB 8 0 (1) 2022-2023
0%
1709 Kage Romanshyn Jr. CM 1 0 (0) 2024-2025
0%
1549 Kai Koreniuk LW 4 1 (0) 2020-2021
0%
1248 Kaku AM 13 2 (2) 2020-2021
0%
1039 Kalani Kossa-Rienzi RB 23 3 (2) 2024-2025
0%
1299 Kalil ElMedkhar LW 11 0 (0) 2021-2022
0%
704 Kamil Jóźwiak LW 44 2 (10) 2022-2023
0%
1054 Kamohelo Mokotjo DM 22 0 (0) 2020-2021
0%
1601 Kamron Habibullah CM 3 0 (0) 2021-2022
0%
438 Karol Swiderski ST 71 28 (11) 2022-2024
0%
976 Kayden Pierre RB 27 0 (2) 2022-2024
0%
1375 Keegan Hughes CB 8 0 (0) 2023-2024, 2025-2026
0%
1199 Kee-hee Kim CB 15 0 (0) 2025-2026
0%
400 Kelvin Leerdam RB 76 4 (2) 2020-2023
0%
765 Kelvin Yeboah ST 39 16 (2) 2024-2025
0%
483 Kemar Lawrence LB 66 2 (2) 2021-2023
0%
1256 Kendall Burks CB 13 0 (0) 2022-2023
0%
1176 Kendall McIntosh GK 16 0 (0) 2022-2023
0%
1224 Kendall Waston CB 14 0 (0) 2020-2021
0%
1487 Kenji Cabrera LW 6 1 (0) 2025-2026
0%
1637 Kenneth Kronholm GK 2 0 (0) 2020-2021
0%
984 Kenneth Vermeer GK 26 0 (0) 2020-2021
0%
1660 Kenny Nielsen CB 2 0 (0) 2025-2026
0%
572 Kervin Arriaga DM 57 6 (2) 2022-2024
0%
206 Kerwin Vargas RW, LW 109 16 (10) 2022-2025
0%
926 Kévin Denkey ST 29 15 (1) 2025-2026
0%
589 Kevin Kelsy ST 56 13 (2) 2024-2025
0%
668 Kevin Molino RW 47 10 (2) 2020-2023
0%
1659 Kevon Lambert DM 2 0 (0) 2023-2024
0%
1721 Kieran Chandler LB 1 0 (0) 2025-2026
0%
1174 Kimani Stewart-Baynes LW 16 0 (1) 2024-2025
0%
1605 Kobi Henry CB 3 0 (0) 2025-2026
0%
1232 Kortne Ford CB 14 0 (0) 2022-2023
0%
951 Kristian Fletcher ST 28 2 (1) 2022-2025
0%
1398 Kristoffer Velde LW 8 0 (3) 2025-2026
0%
1553 Krisztián Németh ST 4 1 (0) 2020-2021
0%
885 Kye Rowles CB 31 0 (0) 2025-2026
0%
1738 Kyle Morton GK 1 0 (0) 2021-2022
0%
1545 Kyle Scott CM 4 0 (0) 2021-2022
0%
1546 Kyle Zobeck GK 4 0 (0) 2020-2021
0%
1558 Lamine Diack DM 4 0 (0) 2024-2025
0%
1445 Laurence Wyke CB 7 0 (0) 2020-2021
0%
1348 Laurent Ciman CB 9 0 (0) 2020-2021
0%
1106 Lawrence Ennali LW 20 2 (4) 2024-2025
0%
1451 Lawson Sunderland CM 7 0 (1) 2023-2024
0%
1173 Lazar Stefanović CB 16 0 (0) 2023-2024, 2025-2026
0%
680 Leandro González Pírez CB 46 2 (5) 2020-2021
0%
1157 Leo Afonso LW 18 2 (1) 2024-2025
0%
349 Léo Chú LW 83 8 (12) 2021-2025
0%
1680 Leo Duru RB 2 0 (0) 2025-2026
0%
1130 Leonardo Barroso RB 19 1 (1) 2025-2026
0%
237 Leonardo Campana ST 104 35 (8) 2022-2025
0%
170 Leon Flach DM 116 2 (6) 2021-2024
0%
146 Lewis Morgan LW 123 34 (17) 2020-2025
0%
991 Lewis O'Brien CM 26 1 (2) 2023-2024
0%
532 Liam Fraser DM 61 1 (1) 2020-2021, 2023-2024
0%
1587 Logan Ketterer GK 3 0 (0) 2021-2022
0%
1492 Loïc Mesanvi LW 5 0 (0) 2024-2025
0%
1625 London Aghedo CB 2 0 (0) 2024-2025
0%
1668 Louicius Deedson RW 2 0 (0) 2025-2026
0%
980 Luca Bombino LB 26 1 (2) 2025-2026
0%
770 Luca Langoni RW 38 5 (5) 2024-2025
0%
543 Luca Orellano RW 60 12 (10) 2024-2025
0%
402 Lucas Bartlett CB 76 2 (4) 2023-2025
0%
714 Lucas Esteves LB 44 2 (2) 2021-2022
0%
1767 Lucas Monzón CB 1 0 (0) 2021-2022
0%
1074 Lucas Sanabria DM 21 2 (0) 2025-2026
0%
1041 Luciano Abecasis RB 23 0 (2) 2021-2022
0%
520 Luis Abram CB 62 0 (0) 2023-2025
0%
633 Luis Amarilla ST 51 13 (5) 2020-2021, 2022-2023
0%
925 Luis Caicedo DM 29 0 (0) 2021-2022, 2023-2024
0%
1508 Luís Felipe DM 5 0 (0) 2020-2021
0%
481 Luis Muriel ST 66 14 (11) 2024-2025
0%
1196 Luka Gavran GK 16 0 (0) 2023-2025
0%
857 Lukas Engel LB 33 0 (4) 2025-2026
0%
556 Lukas MacNaughton CB 59 2 (1) 2022-2025
0%
956 Luka Stojanovic AM 27 8 (1) 2021-2022
0%
1070 Luke Brennan RM 22 0 (2) 2023-2025
0%
576 Luke Haakenson LW 57 2 (3) 2021-2023
0%
1763 Luke Hille AM 1 0 (0) 2025-2026
0%
1479 Luke Singh CB 6 1 (0) 2021-2022
0%
583 Luquinhas LW 56 8 (9) 2022-2023
0%
839 Machop Chol ST 34 2 (1) 2021-2023
0%
825 Maciel CM 35 0 (1) 2021-2022
0%
1678 Magnus Eriksson CM 2 1 (0) 2020-2021
0%
1278 Maikel van der Werff CB 12 0 (0) 2020-2021
0%
1681 Malcolm Fry RW 2 0 (0) 2024-2025
0%
1346 Malik Henry RM 9 0 (1) 2025-2026
0%
844 Malik Pinto DM 33 0 (0) 2023-2024
0%
1534 Mamadou Dieng ST 4 0 (0) 2025-2026
0%
905 Mamadou Fofana CB 30 0 (1) 2025-2026
0%
803 Mamadou Mbacke CB 36 5 (1) 2021-2023
0%
1289 Mandela Egbo RB 11 1 (1) 2020-2021
0%
1428 Manuel Castro RW 7 0 (0) 2020-2021
0%
959 Manu García AM 27 2 (6) 2025-2026
0%
1586 Marcelo Palomino AM 3 0 (0) 2020-2021
0%
676 Marcelo Weigandt RB 47 1 (4) 2024-2025
0%
1032 Marco Angulo DM 24 0 (1) 2023-2024
0%
853 Marco Pašalić RW 33 12 (5) 2025-2026
0%
1252 Marc Rzatkowski CM 13 0 (1) 2020-2021
0%
965 Marcus Godinho RM 27 0 (0) 2021-2022
0%
1389 Marcus Ingvartsen ST 8 2 (1) 2025-2026
0%
320 Maren Haile-Selassie RM 89 13 (12) 2023-2025
0%
1189 Marino Hinestroza RW 16 2 (0) 2024-2025
0%
571 Marinos Tzionis LW 57 2 (1) 2022-2024
0%
727 Marko Maric GK 42 0 (0) 2020-2021
0%
1342 Markus Cimermancic CM 9 0 (0) 2025-2026
0%
1746 Marlon Vargas AM 1 0 (0) 2023-2024
0%
797 Martín Cáceres CB 36 2 (1) 2022-2024
0%
332 Marvin Loría RW 87 4 (6) 2020-2024
0%
1184 Mason Stajduhar GK 16 0 (1) 2021-2024
0%
1257 Matai Akinmboni CB 13 0 (1) 2022-2024
0%
1368 Mateo Bajamich CF 9 0 (1) 2021-2022
0%
1574 Mateo Silvetti RW 3 0 (0) 2025-2026
0%
378 Mateusz Klich CM 79 6 (13) 2023-2025
0%
1505 Matheus Aiás ST 5 1 (0) 2020-2021
0%
1756 Matheus Davó ST 1 0 (0) 2021-2022
0%
1068 Matheus Nascimento ST 22 3 (2) 2025-2026
0%
321 Matheus Rossetto CM 89 1 (3) 2020-2023
0%
1399 Mathias Jørgensen RW 8 0 (0) 2020-2021
0%
393 Mathías Laborda CB 77 8 (2) 2023-2025
0%
1241 Mathieu Deplagne RB 13 0 (0) 2020-2021
0%
1062 Matías Cóccaro ST 22 4 (1) 2024-2025
0%
710 Matías Pellegrini LW 44 2 (2) 2020-2021, 2022-2023
0%
403 Matías Vera DM 75 3 (1) 2020-2022
0%
920 Matt Crooks AM 29 3 (3) 2024-2025
0%
355 Matt Freese GK 82 0 (0) 2020-2021, 2023-2025
0%
1448 Matthew Hoppe ST 7 2 (0) 2023-2024
0%
1779 Matthew Nocita CB 1 0 (0) 2023-2024
0%
574 Matti Peltola DM 57 0 (1) 2024-2025
0%
1102 Matt LaGrassa DM 20 0 (0) 2020-2021
0%
721 Matt Real LB 43 2 (2) 2020-2023
0%
645 Mauricio Cuevas RB 50 3 (4) 2023-2025
0%
1163 Mauro Manotas ST 17 3 (1) 2020-2021
0%
778 Max Alves AM 38 1 (1) 2022-2023
0%
1692 Max Anchor GK 1 0 (0) 2022-2023
0%
1221 Max Floriani CB 14 0 (0) 2025-2026
0%
1526 Máximo Carrizo CM 5 0 (0) 2025-2026
0%
416 Maya Yoshida CB 74 5 (2) 2023-2025
0%
887 Maynor Figueroa LB 31 2 (2) 2020-2021
0%
764 Mender García RW 39 4 (1) 2022-2023
0%
577 Micael CB 57 1 (0) 2022-2024
0%
181 Michael Barrios RW 114 14 (20) 2020-2023
0%
1181 Michael Estrada ST 16 4 (3) 2022-2023
0%
801 Michael Halliday RB 36 0 (2) 2021-2024
0%
1581 Michael Mancienne CB 3 0 (0) 2020-2021
0%
1729 Michael Salazar ST 1 0 (0) 2020-2021
0%
1663 Michee Ngalina ST 2 0 (0) 2021-2022
0%
147 Miguel Berry ST 123 13 (6) 2021-2025
0%
1316 Miguel Ibarra RM 10 0 (0) 2020-2021
0%
289 Miguel Navarro LB 94 0 (9) 2020-2023
0%
569 Miguel Tapias CB 57 1 (0) 2023-2024
0%
896 Miguel Trauco LB 30 3 (2) 2022-2023
0%
1743 Mikael Marqués CB 1 0 (0) 2023-2024
0%
1349 Mikey Ambrose LB 9 1 (0) 2020-2022
0%
501 Miki Yamane RB 64 1 (8) 2024-2025
0%
749 Milos Degenek CB 40 0 (0) 2022-2023
0%
868 Milton Valenzuela LB 32 0 (2) 2020-2021
0%
505 Mitja Ilenič RB 64 3 (4) 2023-2025
0%
1347 Mohamed El-Munir LB 9 0 (1) 2020-2021
0%
1768 Mohamed Traore CB 1 0 (0) 2020-2021
0%
1462 Mohammed Abu DM 6 0 (0) 2020-2021
0%
981 Mohammed Sofo LW 26 4 (1) 2024-2025
0%
1425 Mohanad Jeahze LB 7 0 (1) 2023-2024
0%
557 Monsef Bakrar ST 59 9 (0) 2023-2025
0%
945 Moon-hwan Kim RB 28 1 (1) 2021-2022
0%
1050 Morris Duggan CB 23 0 (1) 2024-2025
0%
784 Moses Nyeman DM 37 0 (1) 2020-2024
0%
1124 Mustafa Kizza LB 19 0 (1) 2020-2021
0%
1655 Nabi Kibunguchy CB 2 0 (0) 2022-2023
0%
706 Nani LW 44 15 (9) 2020-2021
0%
960 Nanu RB 27 0 (2) 2022-2023
0%
343 Nathan Byrne RB 84 0 (3) 2022-2025
0%
723 Nathan Fogaça ST 43 4 (2) 2022-2024
0%
641 Nathan Pelae CB 50 5 (0) 2021-2022, 2024-2025
0%
1524 Nectarios Triantis CB, CM 5 2 (2) 2025-2026
0%
1201 Nedum Onuoha CB 15 0 (0) 2020-2021
0%
1693 Neil Pierre CB 1 0 (0) 2025-2026
0%
717 Nelson Palacio CM 44 1 (2) 2023-2025
0%
1612 Nelson Pierre ST 3 1 (0) 2025-2026
0%
786 Nelson Quiñónes LW 37 4 (2) 2022-2023, 2025-2026
0%
447 Nemanja Radoja DM 70 1 (5) 2023-2025
0%
1432 Nicholas Hagen GK 7 0 (0) 2024-2025
0%
1370 Nick Firmino CM 9 1 (0) 2023-2024
0%
156 Nick Hagglund CB 120 5 (1) 2020-2025
0%
1372 Nick Markanich RW 9 0 (0) 2022-2023
0%
918 Nick Marsman GK 29 0 (0) 2021-2022
0%
1188 Nick Scardina RB 16 0 (1) 2024-2025
0%
911 Nicksoen Gomis CB 30 0 (0) 2024-2025
0%
1737 Nico Benalcázar CB 1 0 (0) 2023-2024
0%
1198 Nico Cavallo LB 15 0 (0) 2025-2026
0%
479 Nicolás Acevedo DM 67 0 (0) 2020-2022
0%
847 Nicolas Benezet LW 33 3 (2) 2020-2021
0%
1305 Nicolás Fernández Mercau AM 11 3 (1) 2025-2026
0%
720 Nicolás Figal CB 43 1 (2) 2020-2021
0%
1535 Nicolas Fleuriau Chateau ST 4 0 (0) 2024-2025
0%
1318 Nicolás Freire CB 10 0 (0) 2024-2025
0%
1329 Nicolas Hansen GK 10 0 (0) 2025-2026
0%
739 Nicolas Isimat-Mirin CB 41 0 (0) 2021-2022
0%
700 Nicolás Mezquida AM 45 2 (2) 2020-2022
0%
979 Nicolás Romero CB 27 0 (5) 2025-2026
0%
1007 Nicolás Stefanelli ST 25 2 (0) 2023-2024
0%
1356 Nico Lemoine RM 9 0 (0) 2020-2021
0%
693 Nigel Robertha ST 45 6 (4) 2021-2023
0%
1227 Niko Hämäläinen LB 14 0 (0) 2021-2022
0%
856 Niko Hansen RW 33 3 (4) 2020-2022
0%
1152 Nikola Petković DM, CM 18 1 (1) 2024-2025
0%
1510 Nikolas Dyhr LB 5 0 (0) 2024-2025
0%
1352 Nikola Vujnovic ST 9 0 (0) 2022-2023
0%
1567 Nimfasha Berchimas LW 3 0 (0) 2024-2025
0%
735 Njabulo Blom DM 42 2 (0) 2023-2024
0%
1732 Noah Billingsley RB 1 0 (0) 2020-2021
0%
769 Noah Cobb CB 39 0 (0) 2023-2025
0%
553 Noah Eile CB 59 1 (1) 2024-2025
0%
1435 Noah Powder LB 7 0 (0) 2021-2022
0%
1065 Noble Okello DM 22 0 (1) 2021-2022
0%
588 Noel Buck CM 56 5 (3) 2022-2025
0%
834 Noel Caliskan CM 34 1 (2) 2023-2025
0%
760 Nökkvi Thórisson ST 39 5 (0) 2023-2024
0%
1133 Nolan Norris LB, CB 19 0 (1) 2023-2025
0%
1030 Novak Mićović GK 24 0 (0) 2023-2025
0%
1651 Nyk Sessock RB 2 0 (0) 2025-2026
0%
307 Obed Vargas CM 92 4 (7) 2021-2025
0%
1591 Odin Holm CM 3 0 (0) 2025-2026
0%
1080 Ola Brynhildsen ST 21 2 (1) 2025-2026
0%
1162 Oliver Semmle GK 17 0 (0) 2024-2025
0%
1085 Olivier Giroud ST 21 3 (2) 2024-2025
0%
166 Olivier Mbaizo RB 117 0 (10) 2020-2025
0%
914 Olwethu Makhanya CB 29 1 (0) 2025-2026
0%
1758 Omar Sowe ST 1 0 (0) 2021-2022
0%
985 Ondrej Lingr AM 26 3 (4) 2025-2026
0%
1276 Osaze De Rosario ST 12 1 (0) 2025-2026
0%
986 Óscar Ustari GK 26 0 (0) 2024-2025
0%
1087 Oscar Verhoeven RB 21 0 (0) 2024-2025
0%
1611 Oskar Ågren CB 3 0 (0) 2022-2023
0%
724 Osvaldo Alonso DM 43 1 (0) 2020-2023
0%
779 Oswaldo Alanís CB 37 3 (0) 2020-2021
0%
1290 Ousmane Doumbia DM 11 0 (1) 2023-2024
0%
1495 Ousman Jabang DM 5 0 (0) 2023-2025
0%
1686 O'Vonte Mullings RW 2 0 (0) 2023-2024
0%
1460 Owen Graham-Roache ST 6 0 (0) 2025-2026
0%
781 Pablo Bonilla RB 37 0 (2) 2020-2023
0%
1109 Pablo Ortiz CB 20 1 (1) 2025-2026
0%
1042 Paddy McNair CB 23 0 (0) 2025-2026
0%
1123 Patrick Metcalfe CM 19 0 (0) 2020-2021
0%
742 Patrick Mullins ST 41 2 (3) 2020-2021
0%
350 Patrick Schulte GK 83 0 (1) 2023-2025
0%
1603 Patrick Seagrist LB 3 0 (0) 2020-2021
0%
1485 Patrick Weah ST 6 0 (0) 2021-2022, 2024-2025
0%
568 Patryk Klimala ST 57 13 (9) 2021-2022
0%
207 Paul Arriola RW 108 23 (15) 2020-2025
0%
512 Paul Rothrock LW 63 10 (11) 2022-2025
0%
821 Pedro Amador LB 35 1 (4) 2024-2025
0%
736 Pedro de la Vega RW 42 5 (5) 2024-2025
0%
1527 Pedro Soma DM 5 0 (0) 2025-2026
0%
1632 Pep Casas MF 2 0 (0) 2024-2025
0%
1040 Perry Kitchen DM 23 0 (0) 2020-2021
0%
1747 Peter Kingston DM 1 0 (0) 2025-2026
0%
1275 Phelipe Megiolaro GK 12 0 (1) 2020-2021
0%
661 Philip Quinton CB 48 2 (0) 2023-2025
0%
864 Philip Zinckernagel RW 32 15 (12) 2025-2026
0%
1790 Piero Elias CM 1 0 (0) 2024-2025
0%
1784 Pierre Reedy LM 1 0 (0) 2022-2023
0%
922 Przemyslaw Frankowski RB 29 5 (3) 2020-2021
0%
1023 Przemyslaw Tyton GK 24 0 (0) 2020-2021
0%
707 Quentin Westberg GK 44 0 (0) 2020-2023
0%
1283 Quinn McNeill CM 11 1 (1) 2022-2023
0%
340 Rafael Czichos CB 86 6 (3) 2022-2024
0%
1774 Rafael Mosquera LW 1 0 (0) 2025-2026
0%
405 Rafael Navarro ST 75 28 (9) 2023-2025
0%
1213 Rafael Romo GK 14 0 (0) 2022-2023
0%
263 Ralph Priso DM 99 2 (3) 2020-2025
0%
923 Ramiro CM 29 0 (2) 2025-2026
0%
417 Ramiro Enrique ST 74 20 (3) 2023-2025
0%
1069 Ramón Ábila ST 22 5 (0) 2021-2022
0%
397 Raoul Petretta LB 76 1 (4) 2023-2025
0%
1559 Rashawn Dally ST 4 0 (0) 2020-2021
0%
1580 Raul Aguilera DM 3 0 (0) 2021-2022
0%
1468 Raúl Gudiño GK 6 0 (0) 2022-2023
0%
1421 Rayan Elloumi ST 7 2 (0) 2025-2026
0%
534 Reed Baker-Whiting LB 61 0 (2) 2021-2025
0%
179 Rémi Walter CM 114 9 (4) 2021-2024
0%
1117 Renzo Zambrano CM 19 0 (0) 2020-2021
0%
1137 Reto Ziegler CB 19 2 (1) 2020-2021
0%
660 Ricardo Pepi ST 48 15 (3) 2020-2021
0%
1048 Richard Ledezma RB 23 0 (4) 2023-2024
0%
841 Rida Zouhir CM 34 0 (0) 2021-2025
0%
1683 Roald Mitchell ST 2 0 (0) 2024-2025
0%
613 Robert Beric ST 53 19 (3) 2020-2021
0%
969 Robert Castellanos CB 27 3 (0) 2021-2022, 2023-2024
0%
1113 Roberto Puncec CB 20 0 (1) 2020-2021
0%
1104 Róbert Orri Thorkelsson CB 20 0 (0) 2022-2023
0%
496 Robert Voloder CB 65 1 (1) 2022-2025
0%
1465 Rob Holding CB 6 0 (0) 2025-2026
0%
1503 Robinho RW 5 0 (0) 2020-2021
0%
994 Rocco Ríos Novo GK 26 0 (0) 2022-2023, 2025-2026
0%
579 Rodolfo Pizarro AM 56 6 (10) 2020-2021, 2023-2024
0%
1658 Rodrigo Piñeiro RW 2 0 (0) 2021-2022
0%
68 Rodrigo Schlegel CB 146 2 (0) 2020-2025
0%
302 Rodrigues CB 92 5 (3) 2022-2025
0%
1233 Rolf Feltscher RB 14 0 (2) 2020-2021
0%
669 Romain Métanire RB 47 0 (5) 2020-2022
0%
1146 Rominigue Kouamé CM 18 3 (1) 2025-2026
0%
747 Ronald Donkor CM 40 0 (3) 2023-2025
0%
671 Ronald Matarrita LB 47 3 (9) 2020-2022
0%
941 Ronaldo Cisneros ST 28 7 (1) 2022-2023
0%
1437 Ronaldo Vieira CM 7 0 (0) 2025-2026
0%
1752 Rory O'Driscoll CM 1 0 (0) 2024-2025
0%
1373 Rubén Ramos AM 8 0 (0) 2024-2025
0%
373 Rubio Rubín ST 79 11 (8) 2021-2023
0%
365 Russell Canouse CM 80 4 (4) 2020-2024
0%
338 Russell Teibert DM 86 1 (2) 2020-2023
0%
1340 Rwan Cruz ST 10 0 (1) 2025-2026
0%
178 Ryan Gauld AM 114 34 (37) 2021-2025
0%
1200 Ryan Kent LW 15 0 (3) 2025-2026
0%
1075 Ryan Meara GK 21 0 (0) 2020-2021, 2022-2023, 2024-2025
0%
145 Ryan Raposo LM 124 5 (8) 2020-2025
0%
711 Ryan Sailor CB 44 0 (0) 2022-2025
0%
1268 Ryan Shawcross CB 12 0 (0) 2021-2022
0%
975 Ryan Spaulding LB 27 0 (0) 2022-2024
0%
1044 Saad Abdul-Salaam RB 23 0 (0) 2020-2021
0%
1572 Sal Olivas ST 3 0 (0) 2025-2026
0%
1707 Salvatore Mazzaferro CB 1 0 (0) 2025-2026
0%
852 Sam Adekugbe LB 33 3 (3) 2023-2025
0%
1046 Sami Guediri LB 23 0 (0) 2021-2022
0%
125 Sam Junqua LB 130 5 (5) 2020-2025
0%
756 Sam Nicholson LM 39 2 (1) 2020-2021, 2022-2023
0%
1064 Sam Rogers CB 22 0 (0) 2025-2026
0%
1482 Sam Sarver RW 6 0 (3) 2025-2026
0%
684 Samuel Adeniran ST 46 10 (2) 2021-2024
0%
1491 Samuel Gidi CM 5 0 (0) 2025-2026
0%
1394 Samuel Shashoua LW 8 0 (0) 2024-2025
0%
1320 Samuel Tetteh LW 10 0 (0) 2020-2021
0%
428 Sam Vines LB 72 3 (6) 2020-2021, 2024-2025
0%
377 Sang-bin Jeong ST 79 8 (5) 2023-2025
0%
955 Santiago Arias RB 27 2 (2) 2023-2024
0%
1270 Santiago Mosquera LW 12 4 (0) 2020-2021
0%
1754 Santiago Patiño ST 1 0 (0) 2020-2021
0%
514 Santiago Sosa CB 63 1 (1) 2021-2023
0%
1697 Sawyer Jura RB 1 0 (0) 2024-2025
0%
558 Scott Caldwell CM 58 0 (0) 2020-2023
0%
323 Sean Zawadzki CM 89 7 (1) 2022-2025
0%
448 Sebastian Kowalczyk AM 70 5 (3) 2023-2025
0%
1742 Sebastiano Musu CM 1 0 (0) 2025-2026
0%
1649 Selmir Pidro LB 2 0 (0) 2023-2024
0%
828 Serge Ngoma Jr. RW 35 4 (0) 2022-2023, 2024-2025
0%
623 Sergio Córdova ST 52 11 (2) 2022-2023
0%
936 Sergio Oregel CM 29 0 (0) 2022-2023, 2025-2026
0%
348 Sergi Palencia RB 83 1 (5) 2023-2025
0%
652 Sergiy Kryvtsov CB 49 2 (0) 2023-2024
0%
1629 Seth Antwi DM 2 0 (0) 2025-2026
0%
1723 Seth Sinovic LB 1 0 (0) 2020-2021
0%
1532 Shak Mohammed RW 4 0 (0) 2024-2025
0%
1657 Shandon Hopeau RW 2 0 (0) 2020-2021
0%
1186 Shanyder Borgelin ST 16 1 (0) 2023-2024
0%
867 Shapi Suleymanov RW 32 2 (5) 2025-2026
0%
545 Shea Salinas LW 60 2 (5) 2020-2022
0%
1254 Show DM 13 0 (0) 2024-2025
0%
1335 Siad Haji RW 10 0 (0) 2020-2022
0%
1250 Siem de Jong AM 13 0 (0) 2020-2021
0%
389 Sigurd Rosted CB 77 1 (1) 2023-2025
0%
535 Simon Becher ST 61 12 (5) 2022-2025
0%
1489 Snyder Brunell DM 6 2 (0) 2025-2026
0%
1600 Sota Kitahara DM 3 0 (0) 2023-2024
0%
1291 Souleyman Doumbia LB 11 0 (1) 2025-2026
0%
1115 Spencer Richey GK 19 0 (0) 2020-2024
0%
989 Stanislav Ivanov RW 26 1 (1) 2021-2022
0%
1631 Ștefan Chirilă ST 2 0 (0) 2025-2026
0%
1662 Steffen Yeates CM 2 0 (0) 2022-2023
0%
1310 Stephen Turnbull RB 11 0 (0) 2023-2024
0%
1330 Steven Alzate CM 10 0 (1) 2025-2026
0%
741 Stian Gregersen CB 41 2 (1) 2024-2025
0%
907 Stipe Biuk LW 30 3 (1) 2023-2024
0%
904 Strahinja Tanasijević CB 30 0 (0) 2024-2025
0%
1459 Stuart Armstrong CM 6 1 (0) 2024-2025
0%
1286 Stuart Findlay CB 11 0 (0) 2021-2022
0%
1566 Stuart Hawkins CB 4 0 (0) 2025-2026
0%
1711 Sydney Wathuta FW 1 0 (0) 2025-2026
0%
891 Tadeo Allende RW 31 11 (1) 2025-2026
0%
89 Tah Anunga CM 140 1 (1) 2020-2025
0%
359 Talles Magno LW 82 14 (10) 2021-2024
0%
1488 Tarik Scott LW 6 0 (1) 2024-2025
0%
466 Taty Castellanos ST 68 38 (12) 2020-2022
0%
1410 Tega Ikoba ST 8 1 (0) 2022-2024
0%
890 Telasco Segovia CM 31 8 (4) 2025-2026
0%
1255 Themi Antonoglou LB 13 0 (0) 2022-2023
0%
871 Theo Corbeanu RW 32 6 (3) 2025-2026
0%
317 Theodore Ku-DiPietro AM 90 8 (10) 2022-2025
0%
1596 Thiaguinho RW 3 0 (0) 2022-2023
0%
1585 Thomás Chacón LM 3 0 (0) 2020-2021
0%
499 Tim Leibold LB 64 2 (6) 2023-2025
0%
194 Tim Melia GK 111 0 (0) 2020-2024
0%
1058 Timo Baumgartl CB 22 0 (1) 2025-2026
0%
1226 Tobias Salquist CB 14 0 (1) 2024-2025
0%
978 Tomás Ángel ST 27 4 (2) 2024-2025
0%
506 Tomás Avilés CB 63 3 (2) 2023-2025
0%
1395 Tomás Conechny LW 8 0 (0) 2020-2021
0%
495 Tomas Ostrák AM 65 5 (5) 2023-2025
0%
1571 Tomas Pondeca CM 3 0 (0) 2024-2025
0%
944 Tomás Romero GK 28 0 (0) 2021-2022, 2023-2024, 2025-2026
0%
675 Tomas Totland RB 47 2 (3) 2024-2025
0%
1731 Tommy McCabe DM 1 0 (0) 2020-2021
0%
301 Tommy McNamara LW 92 6 (6) 2020-2024
0%
928 Tom Pearce LB 29 1 (2) 2024-2025
0%
1195 Tom Pettersson CB 16 0 (0) 2020-2021
0%
1386 Toni Datkovic CB 8 0 (0) 2021-2022
0%
594 Tony Alfaro CB 55 1 (2) 2021-2023
0%
1353 Tony Gallacher LB 9 0 (1) 2020-2021
0%
1180 Tony Rocha CM 16 1 (0) 2020-2021
0%
614 Tosaint Ricketts ST 53 6 (1) 2020-2022
0%
1472 Toyosi Olusanya ST 6 0 (1) 2025-2026
0%
500 Tristan Muyumba DM 64 2 (3) 2023-2025
0%
379 Tsiki Ntsabeleng AM 79 2 (6) 2022-2025
0%
1010 Tsubasa Endoh RW 25 2 (1) 2020-2021
0%
1126 Tucker Lepley DM 19 0 (1) 2024-2025
0%
879 Tyler Blackett CB 31 1 (1) 2021-2022
0%
792 Tyler Pasher RW 36 6 (3) 2021-2022
0%
1620 Tyson Pearce RB 2 0 (0) 2025-2026
0%
1260 Valeri Qazaishvili LW 12 3 (1) 2020-2021
0%
1525 Victor Bezerra ST 5 0 (0) 2022-2023
0%
1431 Víctor Cabrera CB 7 0 (0) 2020-2021
0%
1556 Victor Eriksson CB 4 0 (0) 2024-2025
0%
1740 Víctor Griffith DM 1 0 (0) 2023-2024
0%
1400 Victor Olatunji ST 8 4 (0) 2025-2026
0%
952 Victor Pálsson CB 28 0 (2) 2022-2023
0%
446 Víctor Ulloa DM 70 0 (4) 2020-2023
0%
1607 Vinicius Mello ST 3 0 (0) 2023-2024
0%
601 Vítor Costa LB 54 3 (6) 2024-2025
0%
1148 Vito Wormgoor CB 18 0 (0) 2020-2021
0%
1412 Vuk Latinovic CB 8 0 (0) 2021-2022
0%
1385 Warren Creavalle DM 8 0 (0) 2020-2021
0%
957 Waylon Francis LB 27 0 (0) 2020-2021
0%
1312 Wayne Frederick CM 10 0 (0) 2024-2025
0%
1507 Wessam Abou Ali ST 5 3 (1) 2025-2026
0%
1592 Wessel Speel GK 3 0 (0) 2025-2026
0%
1136 Wiktor Bogacz ST 19 1 (1) 2025-2026
0%
548 Wilder Cartagena DM 59 1 (2) 2022-2024
0%
729 Wilfrid Kaptoum CM 42 2 (1) 2021-2022
0%
1463 Wilfried Zahibo CM 6 0 (0) 2020-2021
0%
1298 Will Reilly CM 11 1 (0) 2025-2026
0%
1594 Will Richmond RW 3 0 (0) 2022-2023, 2024-2025
0%
1135 Willy Kumado RB 19 0 (0) 2025-2026
0%
1458 Wyatt Meyer CB 6 0 (0) 2025-2026
0%
467 Wyatt Omsberg CB 68 1 (1) 2020-2025
0%
213 Xavier Arreaga CB 107 3 (1) 2020-2024
0%
459 Xherdan Shaqiri AM 69 14 (11) 2022-2024
0%
366 Yamil Asad LW 80 8 (8) 2020-2021, 2023-2024
0%
310 Yaw Yeboah RW 91 5 (11) 2022-2025
0%
1022 Yeferson Soteldo LW 24 3 (6) 2021-2022
0%
1772 Yekeson Subah ST 1 0 (0) 2023-2024
0%
998 Yerson Mosquera CB 26 2 (2) 2023-2024
0%
531 Yevgen Cheberko CB 61 1 (0) 2023-2025
0%
670 Yordy Reyna ST 47 7 (6) 2020-2022
0%
1442 Youba Diarra CM 7 0 (0) 2021-2022
0%
1005 Younes Namli RW 25 3 (4) 2020-2021
0%
1194 Youness Mokhtar LW 16 1 (0) 2020-2021
0%
1575 Yutaro Tsukada LW 3 0 (0) 2024-2025
0%
1474 Zach Ryan ST 6 0 (0) 2022-2023
0%
1455 Zakaria Taifi RB 6 0 (0) 2025-2026
0%
1168 Zanka CB 17 0 (1) 2025-2026
0%
1770 Zaydan Bello AM 1 0 (0) 2023-2024
0%
1517 Zdenek Ondrasek ST 5 2 (1) 2020-2021
0%
1096 Zeca RB 20 0 (1) 2022-2023
0%
1119 Zico Bailey DM 19 1 (1) 2020-2022
0%
No matching quizzes found
Score Distribution
Percent of People with Each Score
Percentile by Number Answered
Your Score History
You have not taken this quiz